{"text_format":"3","workbook":"xlsx","n_sheets":4,"sheets":["1-PLANILHA PNE","2-MEMORIA DE CALCULO PNE","3- CRONOGRAMA FISICO FINANCEIRO","COMP-01"],"not_rendered":{"images":6,"external_links":2,"defined_names":83},"read":"whole","date_system":"1900"}

{"sheet":"1-PLANILHA PNE","index":0,"n_rows":160,"n_cols":8,"rows_kept":160,"merged":[[1,2,1,7],[2,0,2,3],[2,4,2,5],[3,0,3,3],[3,4,3,5],[4,0,4,7],[5,0,7,0],[5,1,7,1],[5,2,7,2],[5,3,7,3],[5,4,7,4],[5,5,7,5],[5,6,7,6],[5,7,7,7],[133,2,133,3],[135,3,135,7],[146,5,146,6],[148,5,148,6],[150,5,150,6],[152,5,152,6],[154,5,154,6],[157,5,157,6],[159,5,159,6],[162,5,162,7]]}
[]
[null,null,"PREFEITURA MUNICIPAL DE JOÃO NEIVA"]
["Obra: Construção de um banheiro PNE para a Quadra de Esportes de Acioli - João Neiva/ES",{"$nulls":3},"DATA BASE:",null,"BDI:",{"v":0.309,"d":"30.90%"}]
["Local: Rua Felipe Raizer, s/nº, Acioli, João Neiva/ES",{"$nulls":3},"2019-07-01",null,"LS:",{"v":1.2833,"d":"128.33%"}]
["PLANILHA ORÇAMENTÁRIA"]
["BASE","CODIGO","Item","Descrição","Un.","Quant","Preço Unitário","Preço do serviço"]
[]
[]
[null,"01",1," SERVIÇOS PRELIMINARES",{"$nulls":3},{"$f":"SUM(H10:H12)","v":{"v":180.85000000000002,"d":"R$ 180.85"}}]
["IOPES",10209,"1.1","Demolição de alvenaria ","m³",{"$f":"'2-MEMORIA DE CALCULO PNE'!J10","v":1.65},{"v":50.32,"d":"R$ 50.32"},{"$f":"TRUNC(ROUND(G10*F10,2),2)","v":{"v":83.03,"d":"R$ 83.03"}}]
["IOPES",10201,"1.2","Demolição de piso cimentado inclusive lastro de concreto","m²",{"$f":"'2-MEMORIA DE CALCULO PNE'!J15","v":0.99},{"v":21.81,"d":"R$ 21.81"},{"$f":"TRUNC(ROUND(G11*F11,2),2)","v":{"v":21.59,"d":"R$ 21.59"}}]
["IOPES",10501,"1.3","Locação de obra com gabarito de madeira","m²",{"$f":"'2-MEMORIA DE CALCULO PNE'!J27","v":10.07},{"v":7.57,"d":"R$ 7.57"},{"$f":"TRUNC(ROUND(G12*F12,2),2)","v":{"v":76.23,"d":"R$ 76.23"}}]
[]
[null,"02","2","INSTALAÇÃO DO CANTEIRO DE OBRAS",{"$nulls":3},{"$f":"SUM(H15:H17)","v":{"v":4425.7,"d":"R$ 4,425.70"}}]
["IOPES","020305","2.1","Placa de obra nas dimensões de 2.0 x 4.0 m, padrão IOPES","m²",{"$f":"'2-MEMORIA DE CALCULO PNE'!J32","v":{"v":8,"d":"8.00"}},{"v":227.53,"d":"R$ 227.53"},{"$f":"TRUNC(ROUND(G15*F15,2),2)","v":{"v":1820.24,"d":"R$ 1,820.24"}}]
["IOPES","020351","2.2","Tapume madeira compensada resinada e= 12mm h=2,20m, estr. c/ mad reflorest., incl mont, pintura esmalte sint, adesivo \"IOPES\" 60x60cm a cada 10m e faixas c/ pintura esmalte sintético nas cores azul c/ h=30cm e rosa c/ h=10cm","m",{"$f":"'2-MEMORIA DE CALCULO PNE'!J53","v":13.85},{"v":188.12,"d":"R$ 188.12"},{"v":2605.46,"d":"R$ 2,605.46"}]
[]
[null,"03",3," MOVIMENTO DE TERRA",{"$nulls":3},{"$f":"SUM(H20:H23)","v":{"v":1222.3400000000001,"d":"R$ 1,222.34"}}]
[null,301,"3.1.0"," ESCAVAÇÕES"]
["IOPES",30101,"3.1.1","Escavação manual em material de 1a. categoria, até 1.50 m de profundidade","m³",{"$f":"'2-MEMORIA DE CALCULO PNE'!J62","v":{"v":7,"d":"7.00"}},{"v":47.99,"d":"R$ 47.99"},{"$f":"TRUNC(ROUND(G20*F20,2),2)","v":{"v":335.93,"d":"R$ 335.93"}}]
["IOPES",30201,"3.1.2","Reaterro apiloado de cavas de fundação, em camadas de 20 cm","m³",{"$f":"'2-MEMORIA DE CALCULO PNE'!J71","v":5.99},{"v":51.68,"d":"R$ 51.68"},{"v":309.56,"d":"R$ 309.56"}]
["IOPES",30208,"3.1.3","Aterro manual para regularização do terreno em argila, inclusive adensamento manual e fornecimento do material (máximo de 100m3)","m³",{"$f":"'2-MEMORIA DE CALCULO PNE'!J76","v":3.02},{"v":118.78,"d":"R$ 118.78"},{"v":358.72,"d":"R$ 358.72"}]
["IOPES",30304,"3.1.4","Índice de preço para remoção de entulho decorrente da execução de obras (Classe A CONAMA - NBR10.004 - Classe II-B), incluindo aluguel da caçamba, carga, transporte e descarga em área licenciada","m³",{"$f":"'2-MEMORIA DE CALCULO PNE'!J85","v":3.44},{"v":63.41,"d":"R$ 63.41"},{"v":218.13,"d":"R$ 218.13"}]
[]
[null,"04",4,"ESTRUTURAS",{"$nulls":3},{"$f":"SUM(H27:H30)","v":{"v":2932.2200000000003,"d":"R$ 2,932.22"}}]
[null,402,"4.0","INFRA-ESTRUTURA (FUNDAÇÃO)"]
["IOPES",40206,"4.1","Fôrma de tábua de madeira de 2.5 x 30.0 cm para fundações, levando-se em conta a utilização 5 vezes (incluido o material, corte, montagem, escoramento e desforma)","m²",{"$f":"'2-MEMORIA DE CALCULO PNE'!J96","v":14.85},{"v":68.7,"d":"R$ 68.70"},{"$f":"TRUNC(ROUND(G27*F27,2),2)","v":{"v":1020.2,"d":"R$ 1,020.20"}}]
["IOPES",40231,"4.2","Fornecimento, preparo e aplicação de concreto magro com consumo mínimo de cimento de 250 kg/m3 (brita 1 e 2) - (5% de perdas já incluído no custo)","m³",{"$f":"'2-MEMORIA DE CALCULO PNE'!J104","v":{"v":0.2,"d":"0.20"}},{"v":508.69,"d":"R$ 508.69"},{"v":101.74,"d":"R$ 101.74"}]
["IOPES",40237,"4.3","Fornecimento, preparo e aplicação de concreto Fck=25 MPa (brita 1 e 2) - (5% de perdas já incluído no custo)","m³",{"$f":"'2-MEMORIA DE CALCULO PNE'!J115","v":2.08},{"v":563.01,"d":"R$ 563.01"},{"v":1171.06,"d":"R$ 1,171.06"}]
["IOPES",40243,"4.4","Fornecimento, dobragem e colocação em fôrma, de armadura CA-50 A média, diâmetro de 6.3 a 10.0 mm","kg",{"$f":"'2-MEMORIA DE CALCULO PNE'!J128","v":72.97},{"v":8.76,"d":"R$ 8.76"},{"v":639.22,"d":"R$ 639.22"}]
[null,"0403",5,"SUPER-ESTRUTURA",{"$nulls":3},{"$f":"SUM(H32:H34)","v":{"v":4887.91,"d":"R$ 4,887.91"}}]
["IOPES","040324","5.1","Fornecimento, preparo e aplicação de concreto Fck=25 MPa (brita 1 e 2) - (5% de perdas já incluído no custo)","m³",{"$f":"'2-MEMORIA DE CALCULO PNE'!J139","v":1.92},{"v":657.28,"d":"R$ 657.28"},{"v":1261.98,"d":"R$ 1,261.98"}]
["IOPES","040328","5.2","Fornecimento, dobragem e colocação em fôrma, de armadura CA-50 A média, diâmetro de 6.3 a 10.0 mm","kg",{"$f":"'2-MEMORIA DE CALCULO PNE'!J157","v":149.16},{"v":8.76,"d":"R$ 8.76"},{"v":1306.64,"d":"R$ 1,306.64"}]
["IOPES","040337","5.3","Fôrma em chapa de madeira compensada plastificada 12mm para estrutura em geral, 5 reaproveitamentos, reforçada com sarrafos de madeira 2.5x10cm (incl material, corte, montagem, escoras em eucalipto e desforma)","m²",{"$f":"'2-MEMORIA DE CALCULO PNE'!J166","v":{"v":27.949999999999996,"d":"27.95"}},{"v":82.98,"d":"R$ 82.98"},{"v":2319.29,"d":"R$ 2,319.29"}]
[null,"06",6," PAREDES E PAINÉIS",{"$nulls":3},{"$f":"SUM(H37:H39)","v":{"v":1824.9199999999998,"d":"R$ 1,824.92"}}]
[null,"0503","6.1","VERGAS/CONTRAVERGA"]
["IOPES","050301","6.1.1","Verga/contraverga reta de concreto armado 10 x 5 cm, Fck = 15 MPa, inclusive forma, armação e desform","m",{"$f":"'2-MEMORIA DE CALCULO PNE'!J172","v":{"v":4,"d":"4.00"}},{"v":7.28,"d":"R$ 7.28"},{"$f":"TRUNC(ROUND(G37*F37,2),2)","v":{"v":29.12,"d":"R$ 29.12"}}]
[null,"0506","6.2","ALVENARIA DE VEDAÇÃO EMPREGANDO ARGAMASSA DE CIMENTO, CAL E AREIA"]
["IOPES","050601","6.2.1","Alvenaria de blocos de concreto 9x19x39cm, c/ resist. mínimo a compres. 2.5 MPa, assent. c/ arg. De cimento, cal hidratada CH1 e areia no traço 1:0.5:8 esp. das juntas 10mm e esp. das paredes, s/ rev. 9cm","m²",{"$f":"'2-MEMORIA DE CALCULO PNE'!J188","v":33.96},{"v":52.88,"d":"R$ 52.88"},{"v":1795.8,"d":"R$ 1,795.80"}]
[null,"06",7,"ESQUADRIAS DE MADEIRA",{"$nulls":3},{"$f":"SUM(H42:H43)","v":{"v":2133.6400000000003,"d":"R$ 2,133.64"}}]
[null,"0601","7.0","MARCOS E ALIZARES"]
["IOPES","060103","7.1","Marco de madeira de lei de 1ª (Peroba, Ipê, Angelim Pedra ou equivalente) com 15x3 cm de batente, nas dimensões de 0.80 x 2.10 m","und",{"$f":"'2-MEMORIA DE CALCULO PNE'!J193","v":{"v":2,"d":"2.00"}},{"v":274.97,"d":"R$ 274.97"},{"$f":"TRUNC(ROUND(G42*F42,2),2)","v":{"v":549.94,"d":"R$ 549.94"}}]
["IOPES","061303","7.2","Porta em madeira de lei tipo angelim pedra ou equiv.c/enchimento em madeira 1a.qualidade esp. 30mm p/ pintura, inclusive alizares, dobradiças e fechadura externa em latão cromado LaFonte ou equiv., exclusive marco, nas dim.: 0.80 x 2.10 m","und",{"$f":"'2-MEMORIA DE CALCULO PNE'!J193","v":{"v":2,"d":"2.00"}},{"v":791.85,"d":"R$ 791.85"},{"v":1583.7,"d":"R$ 1,583.70"}]
[null,"07",8,"ESQUADRIAS METÁLICAS",{"$nulls":3},{"$f":"SUM(H46:H53)","v":{"v":5356.09,"d":"R$ 5,356.09"}}]
[null,"0711","8.1","GRADES E PORTÕES"]
["IOPES","071106","8.1.1","Portão de ferro de correr em barra chata, inclusive chumbamento","m²",{"$f":"'2-MEMORIA DE CALCULO PNE'!J204","v":7.48},{"v":531.87,"d":"R$ 531.87"},{"$f":"TRUNC(ROUND(G46*F46,2),2)","v":{"v":3978.39,"d":"R$ 3,978.39"}}]
["IOPES","071105","8.1.2","Grade de ferro em barra chata, inclusive chumbamento","m²",{"$f":"'2-MEMORIA DE CALCULO PNE'!J207","v":{"v":1.6,"d":"1.60"}},{"v":274.1,"d":"R$ 274.10"},{"v":438.56,"d":"R$ 438.56"}]
[null,"0717 ","8.2","ESQUADRIAS METÁLICAS (M2)"]
["IOPES","071702 ","8.2.1","Báscula para vidro em alumínio anodizado cor natural, linha 25, completa, com tranca, caixilho, alizar e contramarco, exclusive vidro","m²",{"$f":"'2-MEMORIA DE CALCULO PNE'!J211","v":0.96},{"v":467.38,"d":"R$ 467.38"},{"v":448.68,"d":"R$ 448.68"}]
[null,"08 ","8.3","VIDROS E ESPELHOS"]
["IOPES","080102 ","8.3.1","Vidro plano transparente liso, com 4 mm de espessura","m²",{"$f":"'2-MEMORIA DE CALCULO PNE'!J215","v":0.96},{"v":132.89,"d":"R$ 132.89"},{"v":127.57,"d":"R$ 127.57"}]
[null,802,"8.4"," ESPELHOS"]
["IOPES",80201,"8.4.1","Espelho para banheiros espessura 4 mm, incluindo chapa compensada 10 mm, moldura de alumínio em perfil L 3/4\", fixado com parafusos cromados","m²",{"$f":"'2-MEMORIA DE CALCULO PNE'!J219","v":0.72},{"v":504.02,"d":"R$ 504.02"},{"v":362.89,"d":"R$ 362.89"}]
[null,"10",9,"COBERTURA",{"$nulls":3},{"$f":"SUM(H56:H61)","v":{"v":1833.7,"d":"R$ 1,833.70"}}]
[null,null,"9.1.0","ESTRUTURA PARA TELHADO"]
["IOPES","090102","9.1.1","Estrutura de madeira de lei tipo Paraju, peroba mica, angelim pedra ou equivalente para telhado de telha ondulada de fibrocimento esp. 6mm, com pontaletes e caibros, inclusive tratamento com cupinicida, exclusive telhas","m²",{"$f":"'2-MEMORIA DE CALCULO PNE'!J224","v":{"v":7.5,"d":"7.50"}},{"v":98.63,"d":"R$ 98.63"},{"$f":"TRUNC(ROUND(G56*F56,2),2)","v":{"v":739.73,"d":"R$ 739.73"}}]
[null,null,"9.2.0","TELHADO"]
["IOPES","090202","9.2.1","Cobertura nova de telhas onduladas de fibrocimento 6.0mm, inclusive cumeeiras e acessórios de fixação",{"$f":"E56","v":"m²"},{"$f":"'2-MEMORIA DE CALCULO PNE'!J229","v":{"v":7.5,"d":"7.50"}},{"v":46.74,"d":"R$ 46.74"},{"v":350.55,"d":"R$ 350.55"}]
[null,"0903","9.3.0","RUFOS E CALHAS"]
["IOPES","090314","9.3.1","Rufo de chapa de alumínio esp. 0.5mm, largura de 30cm","m",{"$f":"'2-MEMORIA DE CALCULO PNE'!$J$235","v":{"v":8,"d":"8.00"}},{"v":36.64,"d":"R$ 36.64"},{"v":293.12,"d":"R$ 293.12"}]
["IOPES","090312","9.3.2","Calha em chapa galvanizada com largura de 40 cm","m",{"$f":"'2-MEMORIA DE CALCULO PNE'!$J$238","v":{"v":3,"d":"3.00"}},{"v":150.1,"d":"R$ 150.10"},{"v":450.3,"d":"R$ 450.30"}]
[]
[null,"11 ",10,"TETOS E FORROS",{"$nulls":3},{"$f":"SUM(H65:H75)","v":{"v":5801.53,"d":"R$ 5,801.53"}}]
[null,"1101 ","10.1","REVESTIMENTO COM ARGAMASSA"]
["IOPES","110101 ","10.1.1","Chapisco com argamassa de cimento e areia média ou grossa lavada no traço 1:3, espessura 5 mm","m²",{"$f":"'2-MEMORIA DE CALCULO PNE'!$J$244","v":8.35},{"v":11.52,"d":"R$ 11.52"},{"$f":"TRUNC(ROUND(G65*F65,2),2)","v":{"v":96.19,"d":"R$ 96.19"}}]
[null,"1103 ","10.2","REVESTIMENTO EMPREGANDO ARGAMASSA DE CIMENTO, CAL E AREIA",{"$nulls":3},0]
["IOPES","110302 ","10.2.1","Reboco tipo paulista de argamassa de cimento, cal hidratada CH1 e areia lavada traço 1:0.5:6, espessura 25 mm","m²",{"$f":"'2-MEMORIA DE CALCULO PNE'!$J$250","v":8.35},{"v":55.97,"d":"R$ 55.97"},{"v":467.35,"d":"R$ 467.35"}]
[null,"12","10.3","REVESTIMENTO DE PAREDES",{"$nulls":3},0]
[null,"1201","10.3.0","REVESTIMENTO COM ARGAMASSA",{"$nulls":3},0]
["IOPES","120101","10.3.1"," Chapisco de argamassa de cimento e areia média ou grossa lavada, no traço 1:3, espessura 5 mm","m²",{"$f":"'2-MEMORIA DE CALCULO PNE'!$J$262","v":67.92},{"v":5.84,"d":"R$ 5.84"},{"v":396.65,"d":"R$ 396.65"}]
[null,1202,"10.4"," ACABAMENTOS",{"$nulls":3},0]
["IOPES","120232 ","10.4.1","Cerâmica 10 x 10 cm, ref Camburi branco Eliane, Cecrisa ou Portobello, empregando argamassa colante, inclusive rejuntamento junta plus cinza claro esp. 3 mm","m²",{"$f":"'2-MEMORIA DE CALCULO PNE'!$J$271","v":28.96},{"v":71.62,"d":"R$ 71.62"},{"v":2074.12,"d":"R$ 2,074.12"}]
[null,"1203","10.5"," REVESTIMENTO EMPREGANDO ARGAMASSA DE CIMENTO, CAL E AREIA"]
["IOPES","120301 ","10.5.1","Emboço de argamassa de cimento, cal hidratada CH1 e areia média ou grossa lavada no traço 1:0.5:6, espessura 20 mm","m²",{"$f":"'2-MEMORIA DE CALCULO PNE'!$J$277","v":28.96},{"v":28.88,"d":"R$ 28.88"},{"v":836.36,"d":"R$ 836.36"}]
["IOPES",120303,"10.5.2","Reboco tipo paulista de argamassa de cimento, cal hidratada CH1e areia média ou grossa lavada no traço 1:0.5:6, espessura 25 mm","m²",{"$f":"'2-MEMORIA DE CALCULO PNE'!$J$284","v":38.96},{"v":49.56,"d":"R$ 49.56"},{"v":1930.86,"d":"R$ 1,930.86"}]
[null,13,11," PISOS INTERNOS E EXTERNOS",{"$nulls":3},{"$f":"SUM(H78:H83)","v":{"v":3061.77,"d":"R$ 3,061.77"}}]
[null,1301,"11.1.0"," LASTRO DE CONTRAPISO"]
["IOPES","130112","11.1.1","Lastro de concreto não estrutural, espessura de 6 cm","m²",{"$f":"'2-MEMORIA DE CALCULO PNE'!$J$293","v":14.28},{"v":39.87,"d":"R$ 39.87"},{"$f":"TRUNC(ROUND(G78*F78,2),2)","v":{"v":569.34,"d":"R$ 569.34"}}]
["IOPES","130103 ","11.1.2","Regularização de base p/ revestimento cerâmico, com argamassa de cimento e areia no traço 1:5, espessura 3cm","m²",{"$f":"'2-MEMORIA DE CALCULO PNE'!$J$299","v":8.41},{"v":20.22,"d":"R$ 20.22"},{"v":170.05,"d":"R$ 170.05"}]
[null,1302,"11.2.0"," ACABAMENTOS",{"$nulls":3},0]
["IOPES","130219","11.2.1","Piso cerâmico 45x45cm, PEI 5, Cargo Plus Gray, marcas de referência Eliane, Cecrisa ou Portobello, assentado com argamassa de cimento colante, inclusive rejuntamento","m²",{"$f":"'2-MEMORIA DE CALCULO PNE'!$J$307","v":8.41},{"v":76.2,"d":"R$ 76.20"},{"v":640.84,"d":"R$ 640.84"}]
[null,"1303 ","11.3.0","DEGRAUS, RODAPÉS, SOLEIRAS E PEITORIS",{"$nulls":3},0]
["IOPES",130308,"11.3.1","Soleira de granito esp. 2 cm e largura de 15 cm","m",{"$f":"'2-MEMORIA DE CALCULO PNE'!J316","v":{"v":32.3,"d":"32.30"}},{"v":52.06,"d":"R$ 52.06"},{"v":1681.54,"d":"R$ 1,681.54"}]
[null,14,12," INSTALAÇÕES HIDRO-SANITÁRIAS",{"$nulls":3},{"$f":"SUM(H85:H92)","v":{"v":2266.42,"d":"R$ 2,266.42"}}]
[null,1407,"12.1.0"," PONTOS HIDRO-SANITÁRIOS"]
["IOPES",140701,"12.1.1","Ponto de água fria (lavatório, tanque, pia de cozinha, etc...)","Pt",{"$f":"'2-MEMORIA DE CALCULO PNE'!J321","v":{"v":4,"d":"4.00"}},{"v":85.91,"d":"R$ 85.91"},{"$f":"TRUNC(ROUND(G86*F86,2),2)","v":{"v":343.64,"d":"R$ 343.64"}}]
["IOPES",140702,"12.1.2","Ponto com registro de pressão (chuveiro, caixa de descarga, etc...)","Pt",{"$f":"'2-MEMORIA DE CALCULO PNE'!J324","v":{"v":2,"d":"2.00"}},{"v":169.28,"d":"R$ 169.28"},{"v":338.56,"d":"R$ 338.56"}]
["IOPES",140705,"12.1.3","Ponto para esgoto primário (vaso sanitário)","Pt",{"$f":"'2-MEMORIA DE CALCULO PNE'!J327","v":{"v":2,"d":"2.00"}},{"v":101.71,"d":"R$ 101.71"},{"v":203.42,"d":"R$ 203.42"}]
["IOPES",140706,"12.1.4","Ponto para esgoto secundário (pia, lavatório, mictório, tanque, bidê, etc...)","Pt",{"$f":"'2-MEMORIA DE CALCULO PNE'!J330","v":{"v":2,"d":"2.00"}},{"v":79.31,"d":"R$ 79.31"},{"v":158.62,"d":"R$ 158.62"}]
["IOPES",140707,"12.1.5","Ponto para caixa sifonada, inclusive caixa sifonada pvc 150x150x50mm com grelha em pvc pt 127,0","Pt",{"$f":"'2-MEMORIA DE CALCULO PNE'!J333","v":{"v":2,"d":"2.00"}},{"v":139.6,"d":"R$ 139.60"},{"v":279.2,"d":"R$ 279.20"}]
[null,1411,"12.2.0","CAIXAS EMPREGANDO ARGAMASSA DE CIMENTO, CAL E AREIA",{"$nulls":3},0]
["IOPES",141101,"12.2.1","Caixas de inspeção de alv. blocos concreto 9x19x39cm, dim, 60x60cm e Hmáx = 1m, com tampa de conc. esp. 5cm, lastro de conc. esp. 10cm, revest intern. c/ chapisco e reboco impermeabilizado, incl. escavação, reaterro e enchimento","Unid.",{"$f":"'2-MEMORIA DE CALCULO PNE'!J338","v":{"v":2,"d":"2.00"}},{"v":471.49,"d":"R$ 471.49"},{"v":942.98,"d":"R$ 942.98"}]
[null,15,13,"INSTALAÇÕES ELÉTRICAS",{"$nulls":3},{"$f":"SUM(H95:H104)","v":{"v":3081.1,"d":"R$ 3,081.10"}}]
[null,1506,"13.1.0"," CAIXAS DE PASSAGEM"]
["IOPES","150629 ","13.1.1","Caixa de embutir marca de referência Tigreflex, 4x4\"","Unid.",{"$f":"'2-MEMORIA DE CALCULO PNE'!J343","v":{"v":1,"d":"1.00"}},{"v":13.04,"d":"R$ 13.04"},{"$f":"TRUNC(ROUND(G95*F95,2),2)","v":{"v":13.04,"d":"R$ 13.04"}}]
["IOPES","1511 ","13.2.0","ELETRODUTOS E CONEXÕES",{"$nulls":3},0]
["IOPES",151126,"13.2.1","Eletroduto de PVC rígido roscável, diâm. 3/4\" (25mm), inclusive conexões","m",{"$f":"'2-MEMORIA DE CALCULO PNE'!J348","v":{"v":60,"d":"60.00"}},{"v":14.79,"d":"R$ 14.79"},{"v":887.4,"d":"R$ 887.40"}]
[null,1513,"13.3.0","CHAVES, FUSIVEIS E DISJUNTORES",{"$nulls":3},0]
["IOPES",151301,"13.3.1","Mini-Disjuntor monopolar 16 A, curva C - 5KA 220/127VCA (NBR IEC 60947-2), Ref. Siemens, GE, Schneider ou equivalente","Unid.",{"$f":"'2-MEMORIA DE CALCULO PNE'!J352","v":{"v":1,"d":"1.00"}},{"v":19.82,"d":"R$ 19.82"},{"v":19.82,"d":"R$ 19.82"}]
[null,"1514 ","13.4","FIOS E CABOS",{"$nulls":3},0]
["IOPES","151402 ","13.4.1","Fio de cobre termoplástico, com isolamento para 750V, seção de 2.5 mm2","m",{"$f":"'2-MEMORIA DE CALCULO PNE'!J357","v":{"v":180,"d":"180.00"}},{"v":5.64,"d":"R$ 5.64"},{"v":1015.2,"d":"R$ 1,015.20"}]
["IOPES",null,"13.5.0","PONTOS ELETRICOS REVISAO NR-10",{"$nulls":3},0]
["IOPES",151801,"13.5.1","Ponto padrão de luz no teto - considerando eletroduto PVC rígido de 3/4\" inclusive conexões (4.5m), fio isolado PVC de 2.5mm2 (16.2m) e caixa estampada 4x4\" (1 und)","Unid.",{"$f":"'2-MEMORIA DE CALCULO PNE'!J361","v":{"v":3,"d":"3.00"}},{"v":174.7,"d":"R$ 174.70"},{"v":524.1,"d":"R$ 524.10"}]
["IOPES",151812,"13.5.2","Ponto padrão de interruptor de 2 teclas simples e 1 tomada dois pólos mais terra 10A/250V - considerando eletroduto PVC rígido de 3/4\" inclusive conexões (4.5m), fio isolado PVC de 2.5mm2 (22.9m) e caixa estampada 4x2\" (1 und)","Unid.",{"$f":"'2-MEMORIA DE CALCULO PNE'!J363","v":{"v":3,"d":"3.00"}},{"v":207.18,"d":"R$ 207.18"},{"v":621.54,"d":"R$ 621.54"}]
[null,"17",14,"APARELHOS HIDRO-SANITÁRIOS",{"$nulls":3},{"$f":"SUM(H107:H115)","v":{"v":7121.889999999999,"d":"R$ 7,121.89"}}]
[null,"1701","14.1.0","LOUÇAS"]
["IOPES",170108,"14.1.1","Saboneteira de louça branca, 15x15cm, marcas de referência Deca, Celite ou Ideal Standard","Unid.",{"$f":"'2-MEMORIA DE CALCULO PNE'!J368","v":{"v":2,"d":"2.00"}},{"v":75.97,"d":"R$ 75.97"},{"v":151.94,"d":"R$ 151.94"}]
["IOPES",170111,"14.1.2","Papeleira de louça branca, 15x15cm, marcas de referência Deca, Celite ou Ideal Standard.","Unid.",{"$f":"'2-MEMORIA DE CALCULO PNE'!J371","v":{"v":2,"d":"2.00"}},{"v":79.39,"d":"R$ 79.39"},{"v":158.78,"d":"R$ 158.78"}]
["IOPES",170132,"14.1.3","Lavátorio de canto Coleção Master - ref. L76 marca de ref. Deca ou equivalente, inclusive válvula, sifão e engates cromados, exclusive torneira,para PNE","Unid.",{"$f":"'2-MEMORIA DE CALCULO PNE'!J371","v":{"v":2,"d":"2.00"}},{"v":1310.99,"d":"R$ 1,310.99"},{"v":2621.98,"d":"R$ 2,621.98"}]
["IOPES",170126,"14.1.4","Bacia sifonada de louça branca sem abertura frontal para portadores de necessidades especiais, Vogue Plus Conforto - Linha Conforto, mod P510, incl. assento poliester, ref.AP51,marca de ref. Deca ou equivalente, sem abertura frontal","Unid.",{"$f":"'2-MEMORIA DE CALCULO PNE'!J376","v":{"v":2,"d":"2.00"}},{"v":1766.67,"d":"R$ 1,766.67"},{"v":3533.34,"d":"R$ 3,533.34"}]
[null,1702,"14.2.0","BANCADAS",{"$nulls":3},0]
["IOPES",170220,"14.2.1","Bancada de granito com espessura de 2 cm","m²",{"$f":"'2-MEMORIA DE CALCULO PNE'!J382","v":0.72},{"v":361.32,"d":"R$ 361.32"},{"v":260.15,"d":"R$ 260.15"}]
[null,1703,"14.3.0","TORNEIRAS, REGISTROS, VÁLVULAS E METAIS",{"$nulls":3},0]
["IOPES","170304 ","14.3.1","Torneira pressão cromada diâm. 1/2\" para lavatório, marcas de referência Fabrimar, Deca ou Docol","Unid.",{"$f":"'2-MEMORIA DE CALCULO PNE'!J385","v":{"v":2,"d":"2.00"}},{"v":125.66,"d":"R$ 125.66"},{"v":251.32,"d":"R$ 251.32"}]
["IOPES",170316,"14.3.2","Registro de pressão com canopla cromada diam. 15mm (1/2\"), marcas de referência Fabrimar, Deca ou Docol","Unid.",{"$f":"'2-MEMORIA DE CALCULO PNE'!J388","v":{"v":2,"d":"2.00"}},{"v":72.19,"d":"R$ 72.19"},{"v":144.38,"d":"R$ 144.38"}]
[null,18,15,"APARELHOS ELÉTRICOS",{"$nulls":3},{"$f":"SUM(H118:H122)","v":{"v":591.37,"d":"R$ 591.37"}}]
[null,1801,"15.1.0"," LUMINÁRIAS"]
["IOPES",180101,"15.1.1","Luminária p/ duas lâmpadas fluorescentes 20W, completa, c/ reator duplo-127V partida rápida e alto fator de potência, soquete antivibratório e lâmpada fluorescente 20W-127V","Unid.",{"$f":"'2-MEMORIA DE CALCULO PNE'!J393","v":{"v":2,"d":"2.00"}},{"v":120.36,"d":"R$ 120.36"},{"$f":"TRUNC(ROUND(G118*F118,2),2)","v":{"v":240.72,"d":"R$ 240.72"}}]
["IOPES",180102,"15.1.2","Luminária p/ duas lâmpadas fluorescentes 40W, completa, c/ reator duplo-127V partida rápida e alto fator de potência, soquete antivibratório e lâmpada fluorescente 40W-127V","Unid.",{"$f":"'2-MEMORIA DE CALCULO PNE'!J397","v":{"v":1,"d":"1.00"}},{"v":146.08,"d":"R$ 146.08"},{"v":146.08,"d":"R$ 146.08"}]
[null,1802,"15.2.0","INTERRUPTORES E TOMADAS",{"$nulls":3},0]
["IOPES",180218,"15.2.1","Espelho para caixa estampada 4 x 4\"","Unid.",{"$f":"'2-MEMORIA DE CALCULO PNE'!J400","v":{"v":3,"d":"3.00"}},{"v":15.11,"d":"R$ 15.11"},{"v":45.33,"d":"R$ 45.33"}]
["IOPES",180207,"15.2.2","Interruptor de uma tecla simples 10A/250V e uma tomada 3 polos 10A/250V, padrão brasileiro, NBR 14136, linha branca, com placa 4x2\"","Unid.",{"$f":"'2-MEMORIA DE CALCULO PNE'!J403","v":{"v":3,"d":"3.00"}},{"v":53.08,"d":"R$ 53.08"},{"v":159.24,"d":"R$ 159.24"}]
[null,19,16," PINTURA",{"$nulls":3},{"$f":"SUM(H124:H131)","v":{"v":3026.0299999999997,"d":"R$ 3,026.03"}}]
[null,1901,"16.1.0"," SOBRE PAREDES E FORROS"]
["IOPES",190101,"16.1.1","Emassamento de paredes e forros, com duas demãos de massa à base de PVA, marcas de referência Suvinil, Coral ou Metalatex","m²",{"$f":"'2-MEMORIA DE CALCULO PNE'!J428","v":{"v":21.9,"d":"21.90"}},{"v":12.15,"d":"R$ 12.15"},{"$f":"TRUNC(ROUND(G125*F125,2),2)","v":{"v":266.09,"d":"R$ 266.09"}}]
["IOPES",190106,"16.1.2","Pintura com tinta acrílica, marcas de referência Suvinil, Coral ou Metalatex, inclusive selador acrílico, em paredes e forros, a três demãos","m²",{"$f":"'2-MEMORIA DE CALCULO PNE'!J452","v":50.02},{"v":23.21,"d":"R$ 23.21"},{"v":1160.96,"d":"R$ 1,160.96"}]
["IOPES",190301,"16.1.3","Emassamento de esquadrias de madeira, com duas demãos de massa à base de óleo, marcas de referência Suvinil, Coral ou Metalatex","m²",{"$f":"'2-MEMORIA DE CALCULO PNE'!J455","v":{"v":10.080000000000002,"d":"10.08"}},{"v":19.73,"d":"R$ 19.73"},{"v":198.88,"d":"R$ 198.88"}]
["IOPES",190302,"16.1.4","Pintura com tinta esmalte sintético, marcas de referência Suvinil, Coral ou Metalatex, inclusive fundo branco nivelador, em madeira, a duas demãos","m²",{"$f":"'2-MEMORIA DE CALCULO PNE'!J460","v":{"v":10.080000000000002,"d":"10.08"}},{"v":24.11,"d":"R$ 24.11"},{"v":243.03,"d":"R$ 243.03"}]
[null,1904,"16.2.0","SOBRE METAL",{"$nulls":3},0]
["IOPES",190417,"16.2.1","Pintura com tinta esmalte sintético, marcas de referência Suvinil, Coral ou Metalatex, a duas demãos, inclusive fundo anticorrosivo a uma demão, em metal","m²",{"$f":"'2-MEMORIA DE CALCULO PNE'!J467","v":{"v":33.120000000000005,"d":"33.12"}},{"v":20.17,"d":"R$ 20.17"},{"v":668.03,"d":"R$ 668.03"}]
[null,"COMP-01","16.2.2","Barra de apoio em aço inox polido, diâm. 3cm, comprimento de 80 cm, para sanitário deficientes, inclusive pintura","und",{"$f":"'2-MEMORIA DE CALCULO PNE'!J470","v":{"v":4,"d":"4.00"}},{"$f":"'COMP-01'!K32","v":{"v":122.26,"d":"R$ 122.26"}},{"v":489.04,"d":"R$ 489.04"}]
[null,2004,17,"TRATAMENTO, CONSERVAÇÃO E LIMPEZA",{"$nulls":3},{"$f":"SUM(H133)","v":{"v":851.5,"d":"R$ 851.50"}}]
["IOPES",200401,"17.1.1"," Limpeza geral da obra (edificação)","m²",{"$f":"'2-MEMORIA DE CALCULO PNE'!J475","v":82.35},{"v":10.34,"d":"R$ 10.34"},{"$f":"TRUNC(ROUND(G133*F133,2),2)","v":{"v":851.5,"d":"R$ 851.50"}}]
[null,null,"TOTAL GERAL ",{"$nulls":4},{"$f":"H9+H14+H18+H25+H31+H35+H40+H44+H54+H63+H76+H84+H93+H105+H116+H123+H132","v":{"v":50598.979999999996,"d":"R$ 50,598.98"}}]
{"$rows_empty":10}
[{"$nulls":3},"VALOR FINAL A SER REPLANILHADO",null,{"$f":"F143-F144","v":{"v":0,"d":"0.00"}},null,{"$f":"F145/F138","v":{"$error":"#DIV/0!"}}]
[]
[{"$nulls":3},"Valor final após replanilhamento",null,{"$f":"#REF!","v":{"$error":"#REF!"}}]
[]
[{"$nulls":3},"Valor da 1ª medição",null,{"$f":"#REF!","v":{"$error":"#REF!"}},null,{"$f":"F149/#REF!","v":{"$error":"#REF!"}}]
[]
[{"$nulls":3},"Valor da 2ª medição",null,{"$f":"#REF!","v":{"$error":"#REF!"}},null,{"$f":"F151/#REF!","v":{"$error":"#REF!"}}]
[]
[{"$nulls":3},"Valor da 3ª medição",null,{"$f":"#REF!","v":{"$error":"#REF!"}},null,{"$f":"F153/#REF!","v":{"$error":"#REF!"}}]
[]
[{"$nulls":3},"Valor da 4ª medição",null,{"$f":"#REF!","v":{"$error":"#REF!"}},null,{"$f":"F155/#REF!","v":{"$error":"#REF!"}}]
[]
[]
[{"$nulls":3},"Valor dos acréscimos",null,{"$f":"#REF!","v":{"$error":"#REF!"}},null,{"$f":"F158/#REF!","v":{"$error":"#REF!"}}]
[]
[{"$nulls":3},"Valor dos decréscimos",null,{"$f":"#REF!","v":{"$error":"#REF!"}},null,{"$f":"F160/#REF!","v":{"$error":"#REF!"}}]

{"sheet":"2-MEMORIA DE CALCULO PNE","index":1,"n_rows":475,"n_cols":10,"rows_kept":475,"merged":[[0,0,0,9],[1,0,1,9],[2,0,2,9],[3,0,3,3],[116,0,117,0],[116,1,117,1],[116,2,117,2],[116,3,117,3],[116,5,116,7],[116,8,116,9],[141,0,142,0],[141,1,142,1],[141,2,142,2],[141,3,142,3],[141,5,141,7],[141,8,141,9],[267,9,268,9],[422,9,423,9],[442,9,443,9]]}
["PREFEITURA MUNICIPAL DE JOÃO NEIVA"]
[" MEMÓRIA DE CÁLCULO"]
[{"$f":"'1-PLANILHA PNE'!A3:D3","v":"Obra: Construção de um banheiro PNE para a Quadra de Esportes de Acioli - João Neiva/ES"}]
[{"$f":"'1-PLANILHA PNE'!A4:D4","v":"Local: Rua Felipe Raizer, s/nº, Acioli, João Neiva/ES"},{"$nulls":3},"Data base: jul/2019",null,null,"L.S=128,33%",null,"BDI=30,90%"]
["Item","Descrição","Quant","Comprim (m)","Largura (m)","Altura (m)","Espessura (m)","Área (m²)","Volume (m³)","Total"]
["01"," SERVIÇOS PRELIMINARES"]
[]
["1.1","Demolição de alvenaria ",{"$nulls":7},{"$f":"'1-PLANILHA PNE'!E10","v":"m³"}]
[null,"Demolição de alvenaria na parede lateral voltada para a escola, para instalação de banheiros adaptados",{"v":1,"d":"1.00"},3.15,null,{"v":2.1,"d":"2.10"},0.25,null,null,{"$f":"ROUND(C9*D9*F9*G9,2)","v":1.65}]
[null,"TOTAL",{"$nulls":7},{"$f":"TRUNC(ROUND(SUM(J9:J9),2),2)","v":1.65}]
[]
[{"$f":"'1-PLANILHA PNE'!C11","v":"1.2"},{"$f":"'1-PLANILHA PNE'!D11","v":"Demolição de piso cimentado inclusive lastro de concreto"},{"$nulls":7},{"$f":"'1-PLANILHA PNE'!E11","v":"m²"}]
[null,"Demolição da calçada para execução dos banheiros rente a parede",{"v":1,"d":"1.00"},{"v":3.3,"d":"3.30"},{"v":0.3,"d":"0.30"},null,null,{"$f":"D13*E13","v":{"v":0.9899999999999999,"d":"0.99"}},null,{"$f":"H13*C13","v":{"v":0.9899999999999999,"d":"0.99"}}]
[]
[null,"TOTAL",{"$nulls":7},{"$f":"TRUNC(ROUND(J13,2),2)","v":0.99}]
[]
["1.3","Locação de obra com gabarito de madeira",{"$nulls":7},{"$f":"'1-PLANILHA PNE'!E12","v":"m²"}]
[null,null,3.05,{"v":3.3,"d":"3.30"},{"v":1,"d":"1.00"},null,null,{"$f":"C18*D18*E18","v":{"v":10.065,"d":"10.07"}},null,{"$f":"H18","v":{"v":10.065,"d":"10.07"}}]
{"$rows_empty":8}
[null,"TOTAL",{"$nulls":7},{"$f":"TRUNC(ROUND(SUM(J18),2),2)","v":10.07}]
["2.0","INSTALAÇÃO DO CANTEIRO DE OBRAS"]
[]
["2.1",{"$f":"'1-PLANILHA PNE'!D15","v":"Placa de obra nas dimensões de 2.0 x 4.0 m, padrão IOPES"},{"$nulls":7},{"$f":"'1-PLANILHA PNE'!E15","v":"m²"}]
[null,null,{"v":1,"d":"1.00"},{"v":4,"d":"4.00"},{"v":2,"d":"2.00"},null,null,{"$f":"D31*E31","v":{"v":8,"d":"8.00"}},null,{"$f":"H31*C31","v":{"v":8,"d":"8.00"}}]
[null,"TOTAL",{"$nulls":7},{"$f":"TRUNC(ROUND(J31,2),2)","v":{"v":8,"d":"8.00"}}]
[]
["2.2",{"$f":"'1-PLANILHA PNE'!D16","v":"Tapume madeira compensada resinada e= 12mm h=2,20m, estr. c/ mad reflorest., incl mont, pintura esmalte sint, adesivo \"IOPES\" 60x60cm a cada 10m e faixas c/ pintura esmalte sintético nas cores azul c/ h=30cm e rosa c/ h=10cm"},{"$nulls":7},{"$f":"'1-PLANILHA PNE'!E16","v":"m"}]
[null,"Frente",null,4.55]
[null,"Lateral",null,{"v":6.3,"d":"6.30"}]
[null,"                                                                                Fundos",null,{"v":3,"d":"3.00"}]
[null,"Total",null,{"$f":"SUM(D35:D37)","v":13.85}]
{"$rows_empty":14}
[null,"TOTAL",{"$nulls":7},{"$f":"TRUNC(ROUND(D38,2),2)","v":13.85}]
["03"," MOVIMENTO DE TERRA"]
[301," ESCAVAÇÕES"]
["3.1.1","Escavação manual em material de 1a. categoria, até 1.50 m de profundidade","Quant","Comprim (m)","Largura (m)","Altura (m)","Espessura (m)","Área (m²)","Volume (m³)","Total"]
[null,"SAPATAS"]
[null,"S1=S2=S3=S4",{"v":4,"d":"4.00"},{"v":1,"d":"1.00"},{"v":1,"d":"1.00"},{"v":1.4,"d":"1.40"},null,null,{"$f":"C58*D58*E58*F58","v":{"v":5.6,"d":"5.60"}},{"$f":"I58","v":{"v":5.6,"d":"5.60"}}]
[null,"C1=C2 ",{"v":2,"d":"2.00"},3.05,{"$f":"0.15+0.2+0.2","v":0.55},{"v":0.2,"d":"0.20"},null,null,{"$f":"C59*D59*E59*F59","v":{"v":0.671,"d":"0.67"}},{"$f":"I59","v":{"v":0.671,"d":"0.67"}}]
[null,"C3=C4",{"v":2,"d":"2.00"},{"v":3.3,"d":"3.30"},{"$f":"0.15+0.2+0.2","v":0.55},{"v":0.2,"d":"0.20"},null,null,{"$f":"C60*D60*E60*F60","v":{"v":0.726,"d":"0.73"}},{"$f":"I60","v":{"v":0.726,"d":"0.73"}}]
[]
[null,"TOTAL",{"$nulls":7},{"$f":"TRUNC(ROUND(SUM(J58:J60),2),2)","v":{"v":7,"d":"7.00"}}]
["3.1.2","Reaterro apiloado de cavas de fundação, em camadas de 20 cm"]
[null,"Será a diferença entre o volume da cava (escavação) e o volume da fundação (concreto). No caso das cintas, será considerado somente o volume abaixo do nível do terreno"]
[null,"volume das sapatas",{"v":4,"d":"4.00"},{"v":0.6,"d":"0.60"},{"v":0.6,"d":"0.60"},{"v":0.3,"d":"0.30"},null,null,{"$f":"D65*E65*F65*C65","v":{"v":0.432,"d":"0.43"}},{"$f":"I65","v":{"v":0.432,"d":"0.43"}}]
[null,"volume dos pilaretes",{"v":4,"d":"4.00"},{"v":0.3,"d":"0.30"},0.15,{"v":1.1,"d":"1.10"},null,null,{"$f":"D66*E66*F66*C66","v":{"v":0.198,"d":"0.20"}},{"$f":"I66","v":{"v":0.198,"d":"0.20"}}]
[null,"volume das cintas",{"v":1,"d":"1.00"},{"$f":"3.3+3.3+3.05+3.05","v":{"v":12.7,"d":"12.70"}},0.15,{"v":0.2,"d":"0.20"},null,null,{"$f":"D67*E67*F67*C67","v":{"v":0.381,"d":"0.38"}},{"$f":"I67","v":{"v":0.381,"d":"0.38"}}]
[null,"volume de  escavação",{"$nulls":7},{"$f":"J62","v":{"v":7,"d":"7.00"}}]
[null,"volume de concreto",{"$nulls":7},{"$f":"SUM(J65:J67)","v":{"v":1.0110000000000001,"d":"1.01"}}]
[null,"Reaterro = Escavação - vol concreto ",{"$nulls":7},{"$f":"J68-J69","v":{"v":5.989,"d":"5.99"}}]
[null,"TOTAL",{"$nulls":7},{"$f":"TRUNC(ROUND(J70,2),2)","v":5.99}]
[]
["3.1.3","Aterro manual para regularização do terreno em argila, inclusive adensamento manual e fornecimento do material (máximo de 100m3)"]
[]
[null,"Área interna da nova edificação",{"v":1,"d":"1.00"},3.05,{"v":3.3,"d":"3.30"},{"v":0.3,"d":"0.30"},{"$nulls":3},{"$f":"C75*D75*E75*F75","v":{"v":3.0195,"d":"3.02"}}]
[null,"TOTAL",{"$nulls":7},{"$f":"TRUNC(ROUND(SUM(J75:J75),2),2)","v":3.02}]
[]
[303," TRANSPORTES"]
["3.1.4","Índice de preço para remoção de entulho decorrente da execução de obras (Classe A CONAMA - NBR10.004 - Classe II-B), incluindo aluguel da caçamba, carga, transporte e descarga em área licenciada"]
[]
[null,"Abertura na parede da quadra p/ entrada nos Wc's PNE's",{"v":1,"d":"1.00"},3.15,null,{"v":2.1,"d":"2.10"},0.25,null,null,{"$f":"(C81*D81*F81*G81)","v":{"v":1.65375,"d":"1.65"}}]
[null,"Demolição da calçada para execução dos banheiros rente a parede",{"v":1,"d":"1.00"},{"v":3.3,"d":"3.30"},{"v":0.3,"d":"0.30"},{"$nulls":4},{"$f":"C82*D82*E82","v":{"v":0.9899999999999999,"d":"0.99"}}]
[]
[null,"Considerando um empolamento de 30%"]
[null,"TOTAL",{"$nulls":7},{"$f":"TRUNC(ROUND(SUM(J81:J82)*1.3,2),2)","v":3.44}]
[]
[4,"ESTRUTURAS"]
[402,"INFRA-ESTRUTURA (FUNDAÇÃO)"]
["4.1","Fôrma de tábua de madeira de 2.5 x 30.0 cm para fundações, levando-se em conta a utilização 5 vezes (incluido o material, corte, montagem, escoramento e desforma)","QUANT","Comp. A(m)","Compr. B(m)","Largura C(m)","Largura D(m)","Altura(m)","ÁREA(m²)","TOTAL(m²)"]
[null,"SAPATAS ",{"v":4,"d":"4.00"},{"v":0.6,"d":"0.60"},{"v":0.6,"d":"0.60"},{"v":0.6,"d":"0.60"},{"v":0.6,"d":"0.60"},{"v":0.3,"d":"0.30"},{"$f":"(D90+E90+F90+G90)*H90","v":0.72},{"$f":"I90*C90","v":2.88}]
[null,"PILARETES",{"v":4,"d":"4.00"},0.15,0.15,{"v":0.3,"d":"0.30"},{"v":0.6,"d":"0.60"},{"v":0.9,"d":"0.90"},{"$f":"(D91+E91+F91+G91)*H91","v":1.08},{"$f":"I91*C91","v":4.32}]
[null,"CINTAS C1-C2",{"v":2,"d":"2.00"},{"v":0.2,"d":"0.20"},{"v":0.2,"d":"0.20"},0.15,null,3.05,{"$f":"(D92+E92+F92+G92)*H92","v":{"v":1.6775,"d":"1.68"}},{"$f":"I92*C92","v":{"v":3.355,"d":"3.36"}}]
[null,"CINTAS C3-C4",{"v":2,"d":"2.00"},{"v":0.2,"d":"0.20"},{"v":0.3,"d":"0.30"},0.15,null,{"v":3.3,"d":"3.30"},{"$f":"(D93+E93+F93+G93)*H93","v":{"v":2.145,"d":"2.15"}},{"$f":"I93*C93","v":4.29}]
[{"$nulls":8},"Total",{"$f":"SUM(J90:J93)","v":{"v":14.844999999999999,"d":"14.85"}}]
[]
[null,"TOTAL",{"$nulls":7},{"$f":"TRUNC(ROUND(J94,2),2)","v":14.85}]
[]
["4.2","Fornecimento, preparo e aplicação de concreto magro com consumo mínimo de cimento de 250 kg/m3 (brita 1 e 2) - (5% de perdas já incluído no custo)"]
[null,"Sapatas"]
[null,"S1=S2=S3=S4",{"v":4,"d":"4.00"},{"v":0.6,"d":"0.60"},{"v":0.6,"d":"0.60"},0.05,null,null,{"$f":"C100*D100*E100*F100","v":{"v":0.072,"d":"0.07"}},{"$f":"I100","v":{"v":0.072,"d":"0.07"}}]
[null,"Vigas baldrames"]
[null,"B1=B2",{"v":2,"d":"2.00"},3.03,{"v":0.2,"d":"0.20"},0.05,null,null,{"$f":"C102*D102*E102*F102","v":{"v":0.0606,"d":"0.06"}},{"$f":"I102","v":{"v":0.0606,"d":"0.06"}}]
[null,"B3=B4",{"v":2,"d":"2.00"},{"v":3.3,"d":"3.30"},{"v":0.2,"d":"0.20"},0.05,null,null,{"$f":"C103*D103*E103*F103","v":{"v":0.066,"d":"0.07"}},{"$f":"I103","v":{"v":0.066,"d":"0.07"}}]
[null,"TOTAL",{"$nulls":7},{"$f":"TRUNC(ROUND(SUM(J100:J103),2),2)","v":{"v":0.2,"d":"0.20"}}]
[]
["4.3","Fornecimento, preparo e aplicação de concreto Fck=25 MPa (brita 1 e 2) - (5% de perdas já incluído no custo)"]
[]
[null,"VOLUME CONCRETO","QUANT","A (m)","B(m)","H(m)",null,null,"VOL(m)","TOTAL(m)"]
[null,"SAPATAS ",{"v":4,"d":"4.00"},{"v":0.6,"d":"0.60"},{"v":0.6,"d":"0.60"},{"v":0.3,"d":"0.30"},null,null,{"$f":"D109*E109*F109","v":{"v":0.108,"d":"0.11"}},{"$f":"I109*C109","v":{"v":0.432,"d":"0.43"}}]
[null,"PILARETES",{"v":4,"d":"4.00"},0.15,{"v":0.3,"d":"0.30"},{"v":0.9,"d":"0.90"},null,null,{"$f":"D110*E110*F110","v":{"v":0.0405,"d":"0.04"}},{"$f":"I110*C110","v":{"v":0.162,"d":"0.16"}}]
[null,"CINTAS C1-C2",{"v":2,"d":"2.00"},0.15,3.05,{"v":0.3,"d":"0.30"},null,null,{"$f":"D111*E111*F111","v":{"v":0.13724999999999998,"d":"0.14"}},{"$f":"I111*C111","v":{"v":0.27449999999999997,"d":"0.27"}}]
[null,"CINTAS C3-C4",{"v":2,"d":"2.00"},0.15,{"v":3.3,"d":"3.30"},{"v":0.3,"d":"0.30"},null,null,{"$f":"D112*E112*F112","v":{"v":0.14849999999999997,"d":"0.15"}},{"$f":"I112*C112","v":{"v":0.29699999999999993,"d":"0.30"}}]
[null,"LAJE L1-L2",{"v":2,"d":"2.00"},3.05,{"v":1.5,"d":"1.50"},{"v":0.1,"d":"0.10"},null,null,{"$f":"D113*E113*F113","v":{"v":0.45749999999999996,"d":"0.46"}},{"$f":"I113*C113","v":{"v":0.9149999999999999,"d":"0.92"}}]
[]
[null,"TOTAL",{"$nulls":7},{"$f":"TRUNC(ROUND(SUM(J109:J113),2),2)","v":2.08}]
["4.4","Fornecimento, dobragem e colocação em fôrma, de armadura CA-50 A média, diâmetro de 6.3 a 10.0 mm"]
["Aço","N","   Ø(mm)","QUANT","QUANT ","COMPRIMENTO(m)",null,null,"Total (kg)"]
[{"$nulls":4},"TOTAL","unitário","Total/und","total geral","kg/m","kg"]
["50A",1,{"v":8,"d":"8.00"},7,8,0.94,{"$f":"D119*F119","v":6.58},{"$f":"E119*G119","v":52.64},0.395,{"$f":"I119*H119","v":{"v":20.7928,"d":"20.79"}}]
["50A",2,{"v":8,"d":"8.00"},4,4,{"v":2.2,"d":"2.20"},{"$f":"D120*F120","v":{"v":8.8,"d":"8.80"}},{"v":35.2,"d":"35.20"},0.395,{"$f":"I120*H120","v":{"v":13.904000000000002,"d":"13.90"}}]
["60B","3",{"v":5,"d":"5.00"},"14","4",0.76,10.64,42.56,{"v":0.16,"d":"0.160"},{"v":6.8096000000000005,"d":"6.81"}]
["50A","4",{"v":8,"d":"8.00"},"4","2",3.25,{"v":13,"d":"13.00"},{"v":26,"d":"26.00"},{"$f":"I120","v":0.395},10.27]
["60B","5",{"v":5,"d":"5.00"},"16","2",0.76,12.16,24.32,{"$f":"I121","v":{"v":0.16,"d":"0.160"}},{"v":3.8912,"d":"3.89"}]
["50A","6",{"v":8,"d":"8.00"},"4","2",{"v":0.6,"d":"0.60"},{"v":2.4,"d":"2.40"},{"v":4.8,"d":"4.80"},{"$f":"I120","v":0.395},{"v":1.896,"d":"1.90"}]
["50A","7",{"v":8,"d":"8.00"},"4","2",3.49,13.96,27.92,{"$f":"I124","v":0.395},{"v":11.028400000000001,"d":"11.03"}]
["60B","8",{"v":5,"d":"5.00"},"18","2",0.76,13.68,27.36,{"v":0.16,"d":"0.160"},{"v":4.3776,"d":"4.38"}]
[]
[null,"TOTAL",{"$nulls":7},{"$f":"TRUNC(ROUND(SUM(J119:J127),2),2)","v":72.97}]
[]
["0403","SUPER-ESTRUTURA"]
["5.1","Fornecimento, preparo e aplicação de concreto Fck=25 MPa (brita 1 e 2) - (5% de perdas já incluído no custo)"]
[]
[null,"VOLUME CONCRETO","QUANT","Comp(m)","Larg(m)","Altura(m)",null,null,"VOL(m3)","TOTAL(m3)"]
[null,"PILARES",{"v":4,"d":"4.00"},0.15,{"v":0.3,"d":"0.30"},{"v":2.4,"d":"2.40"},null,null,{"$f":"D134*E134*F134","v":{"v":0.108,"d":"0.11"}},{"$f":"I134*C134","v":{"v":0.432,"d":"0.43"}}]
[null,"VIGA V1-V2",{"v":2,"d":"2.00"},0.15,3.05,{"v":0.3,"d":"0.30"},null,null,{"$f":"D135*E135*F135","v":{"v":0.13724999999999998,"d":"0.14"}},{"$f":"I135*C135","v":{"v":0.27449999999999997,"d":"0.27"}}]
[null,"VIGA V3-V4",{"v":2,"d":"2.00"},0.15,{"v":3.3,"d":"3.30"},{"v":0.3,"d":"0.30"},null,null,{"$f":"D136*E136*F136","v":{"v":0.14849999999999997,"d":"0.15"}},{"$f":"I136*C136","v":{"v":0.29699999999999993,"d":"0.30"}}]
[null,"LAJE L1-L2",{"v":2,"d":"2.00"},3.05,{"v":1.5,"d":"1.50"},{"v":0.1,"d":"0.10"},null,null,{"$f":"D137*E137*F137","v":{"v":0.45749999999999996,"d":"0.46"}},{"$f":"I137*C137","v":{"v":0.9149999999999999,"d":"0.92"}}]
[]
[null,"TOTAL",{"$nulls":7},{"$f":"TRUNC(ROUND(SUM(J134:J137),2),2)","v":1.92}]
[]
["5.2","Fornecimento, dobragem e colocação em fôrma, de armadura CA-50 A média, diâmetro de 6.3 a 10.0 mm"]
["Aço","N","   Ø(mm)","QUANT","QUANT ","COMPRIMENTO(m)",null,null,"Total (kg)"]
[{"$nulls":4},"TOTAL","unitário","Total/und","total geral","kg/m","kg"]
["50A","9",{"v":8,"d":"8.00"},"4","2",{"v":0.6,"d":"0.60"},{"$f":"D144*F144","v":{"v":2.4,"d":"2.40"}},{"v":4.8,"d":"4.80"},0.395,{"$f":"I144*H144","v":{"v":1.896,"d":"1.90"}}]
["50A","10",{"v":8,"d":"8.00"},"4","2",3.24,{"$f":"D145*F145","v":12.96},{"$f":"E145*G145","v":25.92},0.395,{"$f":"I145*H145","v":{"v":10.2384,"d":"10.24"}}]
["60B","11",{"v":5,"d":"5.00"},"17","2",0.76,12.92,25.84,{"v":0.16,"d":"0.160"},{"$f":"I146*H146","v":{"v":4.1344,"d":"4.13"}}]
["50A","12",{"v":8,"d":"8.00"},"4","2",3.49,13.96,27.92,0.395,{"v":11.028400000000001,"d":"11.03"}]
["60B","13",{"v":5,"d":"5.00"},"18","2",0.76,13.68,27.36,1.395,{"v":38.1672,"d":"38.17"}]
["50A","14",{"v":8,"d":"8.00"},"8","2",{"v":0.8,"d":"0.80"},{"v":6.4,"d":"6.40"},{"v":12.8,"d":"12.80"},0.395,{"v":5.056000000000001,"d":"5.06"}]
["60B","15",{"v":6.3,"d":"6.30"},"27","2",1.48,39.96,79.92,0.222,{"v":17.74224,"d":"17.74"}]
["60B","16",{"v":6.3,"d":"6.30"},"14","2",3.03,{"v":42.419999999999995,"d":"42.42"},{"v":84.83999999999999,"d":"84.84"},{"$f":"I150","v":0.222},{"v":18.83448,"d":"18.83"}]
["50A","17",{"v":10,"d":"10.00"},"4","4",2.54,10.16,40.64,{"v":0.63,"d":"0.630"},{"v":25.6032,"d":"25.60"}]
["60B","18",{"v":5,"d":"5.00"},"14","4",0.76,10.64,42.56,{"v":0.16,"d":"0.160"},{"v":6.8096000000000005,"d":"6.81"}]
["60B","19",{"v":6.3,"d":"6.30"},"22","1",1.24,27.28,27.28,{"v":0.222,"d":"0.22"},{"v":6.05616,"d":"6.06"}]
["60B","20",{"v":6.3,"d":"6.30"},"27","1",{"v":0.6,"d":"0.60"},{"v":16.2,"d":"16.20"},{"v":16.2,"d":"16.20"},{"v":0.222,"d":"0.22"},{"v":3.5964,"d":"3.60"}]
[]
[null,"TOTAL",{"$nulls":7},{"$f":"TRUNC(ROUND(SUM(J144:J155),2),2)","v":149.16}]
[]
["5.3","Fôrma em chapa de madeira compensada plastificada 12mm para estrutura em geral, 5 reaproveitamentos, reforçada com sarrafos de madeira 2.5x10cm (incl material, corte, montagem, escoras em eucalipto e desforma)","Quant","Comprim (m)","Largura (m)","Altura (m)","Perímetro (m)","Área (m²)","Volume (m³)","Total"]
[null,"FORMA","A(m)","B(m)","C(m)","ÁREA","COMP(m)",null,"QUANT","TOTAL(m²)"]
[null,"PILARES",{"v":4,"d":"4.00"},0.15,{"v":0.3,"d":"0.30"},{"v":2.4,"d":"2.40"},{"$f":"(E161+D161)*2","v":{"v":0.8999999999999999,"d":"0.90"}},{"$f":"G161*F161*C161","v":{"v":8.639999999999999,"d":"8.64"}}]
[null,"VIGA V1-V2",{"v":2,"d":"2.00"},{"v":3.3,"d":"3.30"},{"v":0.2,"d":"0.20"},{"v":0.3,"d":"0.30"},{"$f":"F162+E162+F162","v":{"v":0.8,"d":"0.80"}},{"$f":"C162*G162*D162","v":5.28}]
[null,"VIGA V3-V4",{"v":2,"d":"2.00"},3.05,{"v":0.2,"d":"0.20"},{"v":0.3,"d":"0.30"},{"$f":"F163+E163+F163","v":{"v":0.8,"d":"0.80"}},{"$f":"C163*G163*D163","v":4.88}]
[null,"LAJE L1-L2",{"v":2,"d":"2.00"},3.05,{"v":1.5,"d":"1.50"},null,null,{"$f":"D164*E164*C164","v":{"v":9.149999999999999,"d":"9.15"}}]
[]
[null,"TOTAL",{"$nulls":7},{"$f":"SUM(H161:H164)","v":{"v":27.949999999999996,"d":"27.95"}}]
[]
["06"," PAREDES E PAINÉIS"]
["6.1","VERGAS/CONTRAVERGA"]
["6.1.1","Verga/contraverga reta de concreto armado 10 x 5 cm, Fck = 15 MPa, inclusive forma, armação e desforma"]
[null,null,{"v":4,"d":"4.00"},{"v":1,"d":"1.00"},{"$nulls":5},{"$f":"C171*D171","v":{"v":4,"d":"4.00"}}]
[null,"TOTAL",{"$nulls":7},{"$f":"SUM(J167:J171)","v":{"v":4,"d":"4.00"}}]
[]
["6.2","ALVENARIA DE VEDAÇÃO EMPREGANDO ARGAMASSA DE CIMENTO, CAL E AREIA"]
["6.2.1","Alvenaria de blocos de concreto 9x19x39cm, c/ resist. mínimo a compres. 2.5 MPa, assent. c/ arg. De cimento, cal hidratada CH1 e areia no traço 1:0.5:8 esp. das juntas 10mm e esp. das paredes, s/ rev. 9cm"]
[]
[null,"parede 1",null,{"v":1.7,"d":"1.70"},null,{"v":2.4,"d":"2.40"},null,{"$f":"D177*F177","v":4.08}]
[null,"parede 2",null,{"v":2.8,"d":"2.80"},null,{"v":2.4,"d":"2.40"},null,{"$f":"D178*F178","v":6.72}]
[null,"parede 3",null,{"v":3.3,"d":"3.30"},null,{"v":2.4,"d":"2.40"},null,{"$f":"D179*F179","v":{"v":7.919999999999999,"d":"7.92"}}]
[null,"parede 4",null,{"v":3.3,"d":"3.30"},null,{"v":2.4,"d":"2.40"},null,{"$f":"D180*F180","v":{"v":7.919999999999999,"d":"7.92"}}]
[null,"platibanda",{"v":2,"d":"2.00"},{"v":3.3,"d":"3.30"},null,{"v":0.6,"d":"0.60"},null,{"$f":"D181*F181*C181","v":{"v":3.9599999999999995,"d":"3.96"}}]
[null,null,{"v":2,"d":"2.00"},{"v":2.8,"d":"2.80"},null,{"v":0.6,"d":"0.60"},null,{"$f":"D182*F182*C182","v":3.36}]
[{"$nulls":8},"Total",{"$f":"SUM(H177:H182)","v":33.96}]
[]
[]
[]
[]
[null,"TOTAL",{"$nulls":7},{"$f":"TRUNC(ROUND(J183,2),2)","v":33.96}]
[]
["7"," ESQUADRIAS DE MADEIRA"]
["7.0","MARCOS E ALIZARES"]
["7.1","Marco de madeira de lei de 1ª (Peroba, Ipê, Angelim Pedra ou equivalente) com 15x3 cm de batente, nas dimensões de 0.80 x 2.10 m",{"v":2,"d":"2.00"},{"$nulls":6},{"$f":"C192","v":{"v":2,"d":"2.00"}}]
[null,"TOTAL",{"$nulls":7},{"$f":"J192","v":{"v":2,"d":"2.00"}}]
[]
["7.2","Porta em madeira de lei tipo angelim pedra ou equiv.c/enchimento em madeira 1a.qualidade esp. 30mm p/ pintura, inclusive alizares, dobradiças e fechadura externa em latão cromado LaFonte ou equiv., exclusive marco, nas dim.: 0.80 x 2.10 m",{"v":2,"d":"2.00"},{"$nulls":6},{"$f":"C195","v":{"v":2,"d":"2.00"}}]
[]
[null,"TOTAL",{"$nulls":7},{"$f":"SUM(J195:J196)","v":{"v":2,"d":"2.00"}}]
[]
["07"," ESQUADRIAS METÁLICAS"]
["8.1"," GRADES E PORTÕES"]
[" 71106","Portão de ferro de correr em barra chata, inclusive chumbamento"]
[]
["8.1.1","Portão de ferro de correr em barra chata, inclusive chumbamento",{"v":2,"d":"2.00"},null,{"v":1.7,"d":"1.70"},{"v":2.2,"d":"2.20"},null,{"$f":"E203*F203*C203","v":7.48},null,{"$f":"H203","v":7.48}]
[null,"TOTAL",{"$nulls":7},{"$f":"SUM(J202:J203)","v":7.48}]
["8.1.2","Grade de ferro em barra chata, inclusive chumbamento",{"v":2,"d":"2.00"},{"v":1,"d":"1.00"},{"v":0.8,"d":"0.80"},null,null,{"$f":"D205*E205*C205","v":{"v":1.6,"d":"1.60"}},null,{"v":1.6,"d":"1.60"}]
[]
[null,"TOTAL",{"$nulls":7},{"$f":"SUM(J205)","v":{"v":1.6,"d":"1.60"}}]
[]
["8.2","ESQUADRIAS METÁLICAS (M2)"]
["8.2.1","Báscula para vidro em alumínio anodizado cor natural, linha 25, completa, com tranca, caixilho, alizar e contramarco, exclusive vidro",{"v":2,"d":"2.00"},{"v":0.8,"d":"0.80"},{"v":0.6,"d":"0.60"},null,null,{"$f":"E210*D210*C210","v":0.96},null,{"$f":"H210","v":0.96}]
[null,"TOTAL",{"$nulls":7},{"$f":"SUM(J210)","v":0.96}]
[]
["8.3","VIDROS E ESPELHOS"]
["8.3.1","Vidro plano transparente liso, com 4 mm de espessura",{"v":2,"d":"2.00"},{"v":0.8,"d":"0.80"},{"v":0.6,"d":"0.60"},null,null,{"$f":"C214*D214*E214","v":0.96},null,{"$f":"H214","v":0.96}]
[null,"TOTAL",{"$nulls":7},{"$f":"SUM(J214)","v":0.96}]
[]
["8.4"," ESPELHOS"]
["8.4.1","Espelho para banheiros espessura 4 mm, incluindo chapa compensada 10 mm, moldura de alumínio em perfil L 3/4\", fixado com parafusos cromados",{"v":2,"d":"2.00"},null,{"v":0.6,"d":"0.60"},{"v":0.6,"d":"0.60"},null,{"$f":"C218*E218*F218","v":0.72},null,{"$f":"H218","v":0.72}]
[null,"TOTAL",{"$nulls":7},{"$f":"SUM(J218)","v":0.72}]
[]
["10","COBERTURA"]
["9.1.0","ESTRUTURA PARA TELHADO"]
["9.1.1","Estrutura de madeira de lei tipo Paraju, peroba mica, angelim pedra ou equivalente para telhado de telha ondulada de fibrocimento esp. 6mm, com pontaletes e caibros, inclusive tratamento com cupinicida, exclusive telhas",{"v":1,"d":"1.00"},{"v":3,"d":"3.00"},{"v":2.5,"d":"2.50"},null,null,{"$f":"D223*E223","v":{"v":7.5,"d":"7.50"}},null,{"$f":"H223","v":{"v":7.5,"d":"7.50"}}]
[null,"TOTAL",{"$nulls":7},{"$f":"J223","v":{"v":7.5,"d":"7.50"}}]
["9.2.0","TELHADO"]
["9.2.1","Cobertura nova de telhas onduladas de fibrocimento 6.0mm, inclusive cumeeiras e acessórios de fixação"]
[null,null,{"v":1,"d":"1.00"},{"v":3,"d":"3.00"},{"v":2.5,"d":"2.50"},null,null,{"$f":"E227*D227*C227","v":{"v":7.5,"d":"7.50"}},null,{"$f":"H227","v":{"v":7.5,"d":"7.50"}}]
[]
[null,"TOTAL",{"$nulls":7},{"$f":"J227","v":{"v":7.5,"d":"7.50"}}]
["9.3.0","RUFOS E CALHAS"]
["9.3.1","Rufo de chapa de alumínio esp. 0.5mm, largura de 30cm"]
[null,null,{"v":1,"d":"1.00"},{"v":3,"d":"3.00"},{"$nulls":5},{"$f":"C232*D232","v":{"v":3,"d":"3.00"}}]
[null,null,{"v":2,"d":"2.00"},{"v":2.5,"d":"2.50"},{"$nulls":5},{"$f":"C233*D233","v":{"v":5,"d":"5.00"}}]
[]
[null,"TOTAL",{"$nulls":7},{"$f":"SUM(J232:J233)","v":{"v":8,"d":"8.00"}}]
["9.3.2","Calha em chapa galvanizada com largura de 40 cm"]
[null,null,{"v":1,"d":"1.00"},{"v":3,"d":"3.00"},{"$nulls":5},{"$f":"D237","v":{"v":3,"d":"3.00"}}]
[null,"TOTAL",{"$nulls":7},{"$f":"J237","v":{"v":3,"d":"3.00"}}]
[10,"TETOS E FORROS"]
["10.1","REVESTIMENTO COM ARGAMASSA"]
["110101 ","Chapisco com argamassa de cimento e areia média ou grossa lavada no traço 1:3, espessura 5 mm"]
[null,"Teto ",{"v":1,"d":"1.00"},3.15,2.65,null,null,{"$f":"C242*D242*E242","v":{"v":8.3475,"d":"8.35"}},null,{"$f":"H242","v":{"v":8.3475,"d":"8.35"}}]
[]
[null,"TOTAL",{"$nulls":7},{"$f":"TRUNC(ROUND(SUM(J242),2),2)","v":8.35}]
[]
["10.2","REVESTIMENTO EMPREGANDO ARGAMASSA DE CIMENTO, CAL E AREIA"]
["10.2.1","Reboco tipo paulista de argamassa de cimento, cal hidratada CH1 e areia lavada traço 1:0.5:6, espessura 25 mm"]
[null,"Teto ",{"v":1,"d":"1.00"},3.15,2.65,null,null,{"$f":"C248*D248*E248","v":{"v":8.3475,"d":"8.35"}},null,{"$f":"H248","v":{"v":8.3475,"d":"8.35"}}]
[]
[null,"TOTAL",{"$nulls":7},{"$f":"TRUNC(ROUND(J248,2),2)","v":8.35}]
[]
["10.3","REVESTIMENTO DE PAREDES"]
["10.3.0","REVESTIMENTO COM ARGAMASSA"]
["10.3.1","Chapisco de argamassa de cimento e areia média ou grossa lavada, no traço 1:3, espessura 5 mm"]
[]
[null,"Cálculo feito conforme Roteiro para procedimentos de levantamentos LABOR - IOPES   "]
[]
[null,"Área de chapisco = 2x área de alvenaria"]
[null,"Área de alvenaria ",{"$nulls":5},{"$f":"J188","v":33.96}]
[null,"Área de chapisco",{"v":2,"d":"2.00"},{"$nulls":4},{"$f":"C260*H259","v":67.92}]
[]
[null,"TOTAL",{"$nulls":7},{"$f":"H260","v":67.92}]
[1202," ACABAMENTOS"]
["10.4.1","Cerâmica 10 x 10 cm, ref Camburi branco Eliane, Cecrisa ou Portobello, empregando argamassa colante, inclusive rejuntamento junta plus cinza claro esp. 3 mm"]
[]
[null,"Paredes WC fem. e masc.",{"v":4,"d":"4.00"},{"v":1.7,"d":"1.70"},{"v":1.5,"d":"1.50"},{"v":2.6,"d":"2.60"},null,{"$f":"C266*(D266+E266)*F266","v":33.28},null,{"$f":"H266","v":33.28}]
[null,"Área das esquadrias a descontar "]
[null,"Portas",{"v":2,"d":"2.00"},{"v":0.8,"d":"0.80"},null,{"v":2.1,"d":"2.10"},null,{"$f":"F268*D268*C268","v":{"v":3.3600000000000003,"d":"3.36"}},null,{"$f":"SUM(H268:H269)","v":4.32}]
[null,"Básculas",{"v":2,"d":"2.00"},{"v":0.8,"d":"0.80"},null,{"v":0.6,"d":"0.60"},null,{"$f":"F269*D269*C269","v":0.96}]
[]
[null,"TOTAL",{"$nulls":7},{"$f":"TRUNC(ROUND(J266-J268,2),2)","v":28.96}]
["10.5"," REVESTIMENTO EMPREGANDO ARGAMASSA DE CIMENTO, CAL E AREIA"]
["10.5.1","Emboço de argamassa de cimento, cal hidratada CH1 e areia média ou grossa lavada no traço 1:0.5:6, espessura 20 mm"]
[]
[null,"Área de emboço = Área de cerâmica",{"$nulls":7},{"$f":"J271","v":28.96}]
[]
[null,"TOTAL",{"$nulls":7},{"$f":"SUM(J274:J276)","v":28.96}]
["10.5.2","Reboco tipo paulista de argamassa de cimento, cal hidratada CH1e areia média ou grossa lavada no traço 1:0.5:6, espessura 25 mm"]
[]
[null,"Área de reboco = Área de chapisco - Área de emboço"]
[null,"Área de chapisco",{"$nulls":5},{"$f":"J262","v":67.92}]
[null,"Área de emboço",{"$nulls":5},{"$f":"J277","v":28.96}]
[null,"Área de reboco",{"$nulls":5},{"$f":"H281-H282","v":38.96}]
[null,"TOTAL",{"$nulls":7},{"$f":"TRUNC(ROUND(H283,2),2)","v":38.96}]
[11," PISOS INTERNOS E EXTERNOS"]
["11.01"," LASTRO DE CONTRAPISO"]
["11.1.1","Lastro de concreto não estrutural, espessura de 6 cm"]
[null,"Interno ",{"v":2,"d":"2.00"},{"v":1.7,"d":"1.70"},{"v":1.5,"d":"1.50"},null,null,{"$f":"C288*D288*E288","v":{"v":5.1,"d":"5.10"}},null,{"$f":"H288","v":{"v":5.1,"d":"5.10"}}]
[null,"Hall",{"v":1,"d":"1.00"},{"v":3,"d":"3.00"},1.05,null,null,{"$f":"C289*D289*E289","v":{"v":3.1500000000000004,"d":"3.15"}},null,{"$f":"H289","v":{"v":3.1500000000000004,"d":"3.15"}}]
[null,"Calçada",{"v":1,"d":"1.00"},{"$f":"3.3+3.05","v":6.35},0.95,null,null,{"$f":"C290*D290*E290","v":{"v":6.0325,"d":"6.03"}},null,{"$f":"H290","v":{"v":6.0325,"d":"6.03"}}]
[null,"Conforme medidas do projeto (perimetral externa do banheiro)"]
[]
[null,"TOTAL",{"$nulls":7},{"$f":"TRUNC(ROUND(SUM(J288:J292),2),2)","v":14.28}]
[]
["11.1.2","Regularização de base p/ revestimento cerâmico, com argamassa de cimento e areia no traço 1:5, espessura 3cm"]
[null,"Interno ",{"v":2,"d":"2.00"},{"v":1.7,"d":"1.70"},{"v":1.5,"d":"1.50"},null,null,{"$f":"C296*D296*E296","v":{"v":5.1,"d":"5.10"}},null,{"$f":"H296","v":{"v":5.1,"d":"5.10"}}]
[null,null,{"v":1,"d":"1.00"},3.15,1.05,null,null,{"$f":"C297*D297*E297","v":{"v":3.3075,"d":"3.31"}},null,{"$f":"H297","v":{"v":3.3075,"d":"3.31"}}]
[]
[null,"TOTAL",{"$nulls":7},{"$f":"TRUNC(ROUND(SUM(J296:J298),2),2)","v":8.41}]
[]
[1302," ACABAMENTOS"]
[]
["11.2.1","Piso cerâmico 45x45cm, PEI 5, Cargo Plus Gray, marcas de referência Eliane, Cecrisa ou Portobello, assentado com argamassa de cimento colante, inclusive rejuntamento"]
[null,"Piso do banheiro ",{"v":2,"d":"2.00"},{"v":1.7,"d":"1.70"},{"v":1.5,"d":"1.50"},null,null,{"$f":"D304*E304*C304","v":{"v":5.1,"d":"5.10"}},null,{"$f":"H304","v":{"v":5.1,"d":"5.10"}}]
[null,"Hall",{"v":1,"d":"1.00"},1.05,3.15,null,null,{"$f":"D305*E305","v":{"v":3.3075,"d":"3.31"}},null,{"$f":"H305","v":{"v":3.3075,"d":"3.31"}}]
[]
[null,"TOTAL",{"$nulls":7},{"$f":"TRUNC(ROUND(SUM(J303:J305),2),2)","v":8.41}]
[]
["11.3.0","DEGRAUS, RODAPÉS, SOLEIRAS E PEITORIS"]
["11.3.1","Soleira de granito esp. 2 cm e largura de 15 cm"]
[null,"Para pingadeira",{"v":4,"d":"4.00"},{"v":2.8,"d":"2.80"},{"$nulls":5},{"$f":"C311*D311","v":{"v":11.2,"d":"11.20"}}]
[null,"Nota: Considrendo instalação paralela com 2 placas de 0,15m no perímetro da platibanda",{"v":4,"d":"4.00"},{"v":3.3,"d":"3.30"},{"$nulls":5},{"$f":"C312*D312","v":{"v":13.2,"d":"13.20"}}]
[null,"Para soleira"]
[null,"Hall",{"v":2,"d":"2.00"},3.15,{"$nulls":5},{"$f":"C314*D314","v":{"v":6.3,"d":"6.30"}}]
[null,"Banheiros masc. e feminino",{"v":2,"d":"2.00"},{"v":0.8,"d":"0.80"},{"$nulls":5},{"$f":"D315*C315","v":{"v":1.6,"d":"1.60"}}]
[null,"TOTAL",{"$nulls":7},{"$f":"SUM(J311:J315)","v":{"v":32.3,"d":"32.30"}}]
[]
[14," INSTALAÇÕES HIDRO-SANITÁRIAS"]
[1407," PONTOS HIDRO-SANITÁRIOS"]
["12.1.1","Ponto de água fria (lavatório, tanque, pia de cozinha, etc...)",{"v":4,"d":"4.00"},{"$nulls":6},{"$f":"C320","v":{"v":4,"d":"4.00"}}]
[null,"TOTAL",{"$nulls":7},{"$f":"SUM(J319:J320)","v":{"v":4,"d":"4.00"}}]
[]
["12.1.2","Ponto com registro de pressão (chuveiro, caixa de descarga, etc...)",{"v":2,"d":"2.00"},{"$nulls":6},{"$f":"C323","v":{"v":2,"d":"2.00"}}]
[null,"TOTAL",{"$nulls":7},{"$f":"SUM(J322:J323)","v":{"v":2,"d":"2.00"}}]
[]
["12.1.3","Ponto para esgoto primário (vaso sanitário)",{"v":2,"d":"2.00"},{"$nulls":6},{"$f":"C326","v":{"v":2,"d":"2.00"}}]
[null,"TOTAL",{"$nulls":7},{"$f":"SUM(J325:J326)","v":{"v":2,"d":"2.00"}}]
[]
["12.1.4","Ponto para esgoto secundário (pia, lavatório, mictório, tanque, bidê, etc...)",{"v":2,"d":"2.00"},{"$nulls":6},{"$f":"C329","v":{"v":2,"d":"2.00"}}]
[null,"TOTAL",{"$nulls":7},{"$f":"SUM(J328:J329)","v":{"v":2,"d":"2.00"}}]
[]
["12.1.5","Ponto para caixa sifonada, inclusive caixa sifonada pvc 150x150x50mm com grelha em pvc pt 127,0",{"v":2,"d":"2.00"},{"$nulls":6},{"$f":"C332","v":{"v":2,"d":"2.00"}}]
[null,"TOTAL",{"$nulls":7},{"$f":"SUM(J331:J332)","v":{"v":2,"d":"2.00"}}]
[]
["12.0","CAIXAS EMPREGANDO ARGAMASSA DE CIMENTO, CAL E AREIA"]
["12.1.1","Caixas de inspeção de alv. blocos concreto 9x19x39cm, dim, 60x60cm e Hmáx = 1m, com tampa de conc. esp. 5cm, lastro de conc. esp. 10cm, revest intern. c/ chapisco e reboco impermeabilizado, incl. escavação, reaterro e enchimento",{"v":2,"d":"2.00"},{"$nulls":6},{"$f":"C336","v":{"v":2,"d":"2.00"}}]
[null,"Obs.: Considerando 1 caixa de dissipação de águas pluviais"]
[null,"TOTAL",{"$nulls":7},{"$f":"SUM(J335:J336)","v":{"v":2,"d":"2.00"}}]
[]
[13,"INSTALAÇÕES ELÉTRICAS"]
["13.1"," CAIXAS DE PASSAGEM"]
["13.1.1","Caixa de embutir marca de referência Tigreflex, 4x4\"",{"v":1,"d":"1.00"},{"$nulls":6},{"$f":"C342","v":{"v":1,"d":"1.00"}}]
[null,"TOTAL",{"$nulls":7},{"$f":"SUM(J341:J342)","v":{"v":1,"d":"1.00"}}]
[]
["13.2.0","ELETRODUTOS E CONEXÕES"]
["13.2.1","Eletroduto de PVC rígido roscável, diâm. 3/4\" (25mm), inclusive conexões",{"v":1,"d":"1.00"},{"v":60,"d":"60.00"},{"$nulls":5},{"$f":"C346*D346","v":{"v":60,"d":"60.00"}}]
[null,"Obs.: Para atravessar a quadra e chegar ao banheiro para PNE"]
[null,"TOTAL",{"$nulls":7},{"$f":"SUM(J345:J346)","v":{"v":60,"d":"60.00"}}]
[]
["13.3.0","CHAVES, FUSIVEIS E DISJUNTORES"]
["13.3.1","Mini-Disjuntor monopolar 16 A, curva C - 5KA 220/127VCA (NBR IEC 60947-2), Ref. Siemens, GE, Schneider ou equivalente",{"v":1,"d":"1.00"},{"$nulls":6},{"$f":"C351","v":{"v":1,"d":"1.00"}}]
[null,"TOTAL",{"$nulls":7},{"$f":"SUM(J350:J351)","v":{"v":1,"d":"1.00"}}]
[]
["13.4","FIOS E CABOS"]
["13.4.1","Fio de cobre termoplástico, com isolamento para 750V, seção de 2.5 mm2",{"v":3,"d":"3.00"},{"v":60,"d":"60.00"},{"$nulls":5},{"$f":"C355*D355","v":{"v":180,"d":"180.00"}}]
[null,"Obs.: Para atravessar a quadra e chegar ao banheiro para PNE"]
[null,"TOTAL",{"$nulls":7},{"$f":"SUM(J354:J355)","v":{"v":180,"d":"180.00"}}]
[]
["13.5.0","PONTOS ELETRICOS REVISAO NR-10"]
["13.5.1","Ponto padrão de luz no teto - considerando eletroduto PVC rígido de 3/4\" inclusive conexões (4.5m), fio isolado PVC de 2.5mm2 (16.2m) e caixa estampada 4x4\" (1 und)",{"v":3,"d":"3.00"},{"$nulls":6},{"$f":"C360","v":{"v":3,"d":"3.00"}}]
[null,"TOTAL",{"$nulls":7},{"$f":"SUM(J359:J360)","v":{"v":3,"d":"3.00"}}]
["13.5.2","Ponto padrão de interruptor de 2 teclas simples e 1 tomada dois pólos mais terra 10A/250V - considerando eletroduto PVC rígido de 3/4\" inclusive conexões (4.5m), fio isolado PVC de 2.5mm2 (22.9m) e caixa estampada 4x2\" (1 und)",{"v":3,"d":"3.00"},{"$nulls":6},{"$f":"C362","v":{"v":3,"d":"3.00"}}]
[null,"TOTAL",{"$nulls":7},{"$f":"SUM(J362)","v":{"v":3,"d":"3.00"}}]
[]
["17","APARELHOS HIDRO-SANITÁRIOS"]
["14.1.0","LOUÇAS"]
["14.1.1","Saboneteira de louça branca, 15x15cm, marcas de referência Deca, Celite ou Ideal Standard",{"v":2,"d":"2.00"},{"$nulls":6},{"$f":"C367","v":{"v":2,"d":"2.00"}}]
[null,"TOTAL",{"$nulls":7},{"$f":"SUM(J367)","v":{"v":2,"d":"2.00"}}]
[]
["14.1.2","Papeleira de louça branca, 15x15cm, marcas de referência Deca, Celite ou Ideal Standard.",{"v":2,"d":"2.00"},{"$nulls":6},{"$f":"C370","v":{"v":2,"d":"2.00"}}]
[null,"TOTAL",{"$nulls":7},{"$f":"J370","v":{"v":2,"d":"2.00"}}]
[]
["14.1.3","Lavátorio de canto Coleção Master - ref. L76 marca de ref. Deca ou equivalente, inclusive válvula, sifão e\nengates cromados, exclusive torneira,para PNE",{"v":2,"d":"2.00"},{"$nulls":6},{"$f":"C373","v":{"v":2,"d":"2.00"}}]
[null,"TOTAL",{"$nulls":7},{"$f":"J373","v":{"v":2,"d":"2.00"}}]
["14.1.4","Bacia sifonada de louça branca sem abertura frontal para portadores de necessidades especiais, Vogue Plus Conforto - Linha Conforto, mod P510, incl. assento poliester, ref.AP51,marca de ref. Deca ou equivalente, sem abertura frontal",{"v":2,"d":"2.00"},{"$nulls":6},{"$f":"C375","v":{"v":2,"d":"2.00"}}]
[null,"TOTAL",{"$nulls":7},{"$f":"J375","v":{"v":2,"d":"2.00"}}]
[]
["14.2.0","BANCADAS"]
["14.2.1","Bancada de granito com espessura de 2 cm"]
[null,"Bancadas pia banheiros masc. e feminino",{"v":2,"d":"2.00"},{"v":0.6,"d":"0.60"},{"v":0.6,"d":"0.60"},null,null,{"$f":"C380*D380*E380","v":0.72},null,{"$f":"H380","v":0.72}]
[]
[null,"TOTAL",{"$nulls":7},{"$f":"J380","v":0.72}]
["14.3.0","TORNEIRAS, REGISTROS, VÁLVULAS E METAIS"]
["14.3.1","Torneira pressão cromada diâm. 1/2\" para lavatório, marcas de referência Fabrimar, Deca ou Docol",{"v":2,"d":"2.00"},{"$nulls":6},{"$f":"C384","v":{"v":2,"d":"2.00"}}]
[null,"TOTAL",{"$nulls":7},{"$f":"J384","v":{"v":2,"d":"2.00"}}]
[]
["14.3.2","Registro de pressão com canopla cromada diam. 15mm (1/2\"), marcas de referência Fabrimar, Deca ou Docol",{"v":2,"d":"2.00"},{"$nulls":6},{"v":2,"d":"2.00"}]
[null,"TOTAL",{"$nulls":7},{"$f":"J387","v":{"v":2,"d":"2.00"}}]
[]
["15.0","APARELHOS ELÉTRICOS"]
["15.1.0"," LUMINÁRIAS"]
["15.1.1","Luminária p/ duas lâmpadas fluorescentes 20W, completa, c/ reator duplo-127V partida rápida e alto fator de potência, soquete antivibratório e lâmpada fluorescente 20W-127V",{"v":2,"d":"2.00"},{"$nulls":6},{"$f":"C392","v":{"v":2,"d":"2.00"}}]
[null,"TOTAL",{"$nulls":7},{"$f":"J392","v":{"v":2,"d":"2.00"}}]
[]
["15.1.2","Luminária p/ duas lâmpadas fluorescentes 40W, completa, c/ reator duplo-127V partida rápida e alto fator de potência, soquete antivibratório e lâmpada fluorescente 40W-127V",{"v":1,"d":"1.00"},{"$nulls":6},{"$f":"C395","v":{"v":1,"d":"1.00"}}]
[]
[null,"TOTAL",{"$nulls":7},{"$f":"SUM(J395)","v":{"v":1,"d":"1.00"}}]
["15.2.0","INTERRUPTORES E TOMADAS"]
["15.2.1","Espelho para caixa estampada 4 x 4\"",{"v":3,"d":"3.00"},{"$nulls":6},{"$f":"C399","v":{"v":3,"d":"3.00"}}]
[null,"TOTAL",{"$nulls":7},{"$f":"J399","v":{"v":3,"d":"3.00"}}]
[]
["15.2.2","Interruptor de uma tecla simples 10A/250V e uma tomada 3 polos 10A/250V, padrão brasileiro, NBR 14136, linha branca, com placa 4x2\"",{"v":3,"d":"3.00"},{"$nulls":6},{"$f":"C402","v":{"v":3,"d":"3.00"}}]
[null,"TOTAL",{"$nulls":7},{"$f":"SUM(J402)","v":{"v":3,"d":"3.00"}}]
[]
[16," PINTURA"]
["16.1.0"," SOBRE PAREDES E FORROS"]
["16.1.1","Emassamento de paredes e forros, com duas demãos de massa à base de PVA, marcas de referência Suvinil, Coral ou Metalatex","Quant","Comprim (m)","Largura (m)","Altura (m)","Espessura (m)","Área (m²)","Volume (m³)","Total"]
[]
[null,"Área de emassamento de tetos/forros"]
[null,"Teto WC fem. e masc.",{"v":2,"d":"2.00"},{"v":1.7,"d":"1.70"},{"v":1.5,"d":"1.50"},null,null,{"$f":"C410*D410*E410","v":{"v":5.1,"d":"5.10"}}]
[null,"Teto Hall",{"v":1,"d":"1.00"},{"v":0.8,"d":"0.80"},3.15,null,null,{"$f":"C411*D411*E411","v":2.52}]
[]
[null,"Área de emassamento de paredes"]
[null,"Paredes Hall ",{"v":2,"d":"2.00"},{"$f":"0.8+0.25","v":1.05},{"v":2.6,"d":"2.60"},null,null,{"$f":"C414*D414*E414","v":{"v":5.460000000000001,"d":"5.46"}}]
[null,null,{"v":2,"d":"2.00"},3.15,{"v":2.6,"d":"2.60"},null,null,{"$f":"C415*D415*E415","v":16.38}]
[null,"WC fem. e masc. "]
[null,"Área perimetral das básculas",{"v":4,"d":"4.00"},{"v":0.8,"d":"0.80"},0.15,null,null,{"$f":"E417*D417*C417","v":0.48}]
[null,null,{"v":4,"d":"4.00"},{"v":0.6,"d":"0.60"},0.15,null,null,{"$f":"E418*D418*C418","v":0.36}]
[]
[null,"Área perimetral do portão ",{"v":1,"d":"1.00"},3.15,0.25,null,null,{"$f":"C420*D420*E420","v":{"v":0.7875,"d":"0.79"}}]
[null,null,{"v":2,"d":"2.00"},null,0.25,{"v":2.2,"d":"2.20"},null,{"$f":"C421*F421*E421","v":{"v":1.1,"d":"1.10"}}]
[null,"Área a descontar das esquadrias (hall)"]
[null,"Portas",{"v":2,"d":"2.00"},{"v":0.8,"d":"0.80"},null,{"v":2.1,"d":"2.10"},{"$f":"D423*F423","v":{"v":1.6800000000000002,"d":"1.68"}},{"$f":"G423*C423","v":{"v":3.3600000000000003,"d":"3.36"}},null,{"$f":"H423+H424","v":{"v":10.290000000000001,"d":"10.29"}}]
[null,"Portão (vão)",{"v":1,"d":"1.00"},3.15,null,{"v":2.2,"d":"2.20"},{"$f":"D424*F424","v":{"v":6.930000000000001,"d":"6.93"}},{"$f":"G424*C424","v":{"v":6.930000000000001,"d":"6.93"}}]
[]
[null,"Obs.: O emassamento será feito apenas na parte interna dos banheiros e hall, sendo que as paredes externas receberão apenas pintura com tinta acrílica."]
[]
[null,"TOTAL",{"$nulls":7},{"$f":"TRUNC(ROUND(SUM(H410:H421)-J423,2),2)","v":{"v":21.9,"d":"21.90"}}]
[]
["16.1.2","Pintura com tinta acrílica, marcas de referência Suvinil, Coral ou Metalatex, inclusive selador acrílico, em paredes e forros, a três demãos","Quant","Comprim (m)","Largura (m)","Altura (m)","Espessura (m)","Área (m²)","Volume (m³)","Total"]
[null,"Teto WC fem. e masc.",{"v":2,"d":"2.00"},{"v":1.7,"d":"1.70"},{"v":1.5,"d":"1.50"},null,null,{"$f":"C431*D431*E431","v":{"v":5.1,"d":"5.10"}}]
[null,"Teto Hall",{"v":1,"d":"1.00"},{"v":0.8,"d":"0.80"},3.15,null,null,{"$f":"C432*D432*E432","v":2.52}]
[null,"Paredes Hall  ",{"v":2,"d":"2.00"},1.05,{"v":2.6,"d":"2.60"},null,null,{"$f":"C433*D433*E433","v":{"v":5.460000000000001,"d":"5.46"}}]
[null,null,{"v":2,"d":"2.00"},3.15,{"v":2.6,"d":"2.60"},null,null,{"$f":"C434*D434*E434","v":16.38}]
[null,"Área perimetral do portão ",{"v":1,"d":"1.00"},3.15,0.25,null,null,{"$f":"C435*D435*E435","v":{"v":0.7875,"d":"0.79"}}]
[null,null,{"v":2,"d":"2.00"},null,0.25,{"v":2.2,"d":"2.20"},null,{"$f":"C436*F436*E436","v":{"v":1.1,"d":"1.10"}}]
[null,"WC fem. e masc. "]
[null,"Área perimetral das básculas",{"v":4,"d":"4.00"},{"v":0.8,"d":"0.80"},0.15,null,null,{"$f":"E438*D438*C438","v":0.48}]
[null,null,{"v":4,"d":"4.00"},{"v":0.6,"d":"0.60"},0.15,null,null,{"$f":"E439*D439*C439","v":0.36}]
[null,"Portas não consideradas (pois terão marco)"]
[]
[null,"Área a descontar das esquadrias (hall)"]
[null,"Portas",{"v":2,"d":"2.00"},{"v":0.8,"d":"0.80"},null,{"v":2.1,"d":"2.10"},{"$f":"D443*F443","v":{"v":1.6800000000000002,"d":"1.68"}},{"$f":"G443*C443","v":{"v":3.3600000000000003,"d":"3.36"}},null,{"$f":"H443+H444","v":{"v":10.290000000000001,"d":"10.29"}}]
[null,"Portão (vão)",{"v":1,"d":"1.00"},3.15,null,{"v":2.2,"d":"2.20"},{"$f":"D444*F444","v":{"v":6.930000000000001,"d":"6.93"}},{"$f":"G444*C444","v":{"v":6.930000000000001,"d":"6.93"}}]
[]
[null,"Paredes externas",{"v":1,"d":"1.00"},3.05,null,{"v":2.7,"d":"2.70"},null,{"$f":"D446*F446*C446","v":{"v":8.235,"d":"8.24"}}]
[null,null,{"v":1,"d":"1.00"},{"v":3.3,"d":"3.30"},null,{"v":2.7,"d":"2.70"},null,{"$f":"D447*F447*C447","v":8.91}]
[]
[null,"Platibanda",{"v":3,"d":"3.00"},{"v":3.3,"d":"3.30"},null,{"v":0.6,"d":"0.60"},null,{"$f":"D449*F449*C449","v":{"v":5.9399999999999995,"d":"5.94"}}]
[null,null,{"v":3,"d":"3.00"},{"v":2.8,"d":"2.80"},null,{"v":0.6,"d":"0.60"},null,{"$f":"D450*F450*C450","v":5.04}]
[]
[null,"TOTAL",{"$nulls":7},{"$f":"TRUNC(ROUND(SUM(H431:H439,H446:H450)-J443,2),2)","v":50.02}]
["16.1.3","Emassamento de esquadrias de madeira, com duas demãos de massa à base de óleo, marcas de referência Suvinil, Coral ou Metalatex",{"v":6,"d":"6.00"},null,{"v":0.8,"d":"0.80"},{"v":2.1,"d":"2.10"},null,{"$f":"C453*E453*F453","v":{"v":10.080000000000002,"d":"10.08"}},null,{"$f":"H453","v":{"v":10.080000000000002,"d":"10.08"}}]
[null,"Nota: Para cada porta são considerados 3 lados, objetivando a pintura das aduelas e batentes"]
[null,"TOTAL",{"$nulls":7},{"$f":"SUM(J453:J453)","v":{"v":10.080000000000002,"d":"10.08"}}]
[]
["16.1.4","Pintura com tinta esmalte sintético, marcas de referência Suvinil, Coral ou Metalatex, inclusive fundo branco nivelador, em madeira, a duas demãos",{"v":6,"d":"6.00"},null,{"v":0.8,"d":"0.80"},{"v":2.1,"d":"2.10"},null,{"$f":"C457*E457*F457","v":{"v":10.080000000000002,"d":"10.08"}},null,{"$f":"C457*E457*F457","v":{"v":10.080000000000002,"d":"10.08"}}]
[null,"Nota: Para cada porta são considerados 3 lados, objetivando a pintura das aduelas e batentes"]
[]
[null,"TOTAL",{"$nulls":7},{"$f":"SUM(J457:J457)","v":{"v":10.080000000000002,"d":"10.08"}}]
[]
["16.2","SOBRE METAL"]
["16.2.1","Pintura com tinta esmalte sintético, marcas de referência Suvinil, Coral ou Metalatex, a duas demãos, inclusive fundo anticorrosivo a uma demão, em metal",{"$nulls":4},"Coeficiente para pintura de grades, conforme recomendado pelo  IOPES"]
[null,"Área dos portões",{"v":2,"d":"2.00"},{"v":2.2,"d":"2.20"},{"v":1.7,"d":"1.70"},null,2,{"$f":"J203","v":7.48},null,{"$f":"C464*H464*G464","v":29.92}]
[null,"Área das grades ",{"v":2,"d":"2.00"},{"v":1,"d":"1.00"},null,{"v":0.8,"d":"0.80"},2,{"$f":"F465*D465","v":{"v":0.8,"d":"0.80"}},null,{"$f":"C465*H465*G465","v":{"v":3.2,"d":"3.20"}}]
[]
[null,"TOTAL",{"$nulls":7},{"$f":"SUM(J464:J465)","v":{"v":33.120000000000005,"d":"33.12"}}]
["Comp-01","Barra de apoio em aço inox polido, diâm. 3cm, comprimento de 80 cm, para sanitário deficientes","und"]
[null,"Banheiros PNE",{"v":4,"d":"4.00"},{"$nulls":6},{"$f":"C469","v":{"v":4,"d":"4.00"}}]
[null,"TOTAL",{"$nulls":7},{"$f":"SUM(J469)","v":{"v":4,"d":"4.00"}}]
[]
["17","TRATAMENTO, CONSERVAÇÃO E LIMPEZA"]
["17.1.1"," Limpeza geral da obra (edificação)",{"v":1,"d":"1.00"},{"v":27,"d":"27.00"},3.05,null,null,{"$f":"C473*D473*E473","v":82.35},null,{"$f":"H473","v":82.35}]
[null,"Nota: O comprimento considerado se refere a toda extensão de intervenção da obra incluindo a área externa (perímetro da fachada onde serão instalados os banheiros)"]
[null,"TOTAL",{"$nulls":7},{"$f":"SUM(J473)","v":82.35}]

{"sheet":"3- CRONOGRAMA FISICO FINANCEIRO","index":2,"n_rows":47,"n_cols":10,"rows_kept":47,"merged":[[0,0,0,9],[1,0,1,9],[3,0,3,2],[4,0,6,0],[4,1,6,1],[4,2,6,2],[4,3,6,3],[4,5,4,9],[7,0,8,0],[7,1,8,1],[7,4,8,5],[9,0,10,0],[9,1,10,1],[9,4,10,5],[11,0,12,0],[11,1,12,1],[11,4,12,5],[13,0,14,0],[13,1,14,1],[13,4,14,5],[15,0,16,0],[15,1,16,1],[15,4,16,5],[17,0,18,0],[17,1,18,1],[17,4,18,5],[19,0,20,0],[19,1,20,1],[19,4,20,5],[21,0,22,0],[21,1,22,1],[21,4,22,5],[23,0,24,0],[23,1,24,1],[23,4,24,5],[25,0,26,0],[25,1,26,1],[25,4,26,5],[27,0,28,0],[27,1,28,1],[27,4,28,5],[29,0,30,0],[29,1,30,1],[29,4,30,5],[31,0,32,0],[31,1,32,1],[31,4,32,5],[33,0,34,0],[33,1,34,1],[33,4,34,5],[35,0,36,0],[35,1,36,1],[35,4,36,5],[37,0,38,0],[37,1,38,1],[37,4,38,5],[39,0,40,0],[39,1,40,1],[39,4,40,5],[41,0,42,2],[41,4,41,9],[42,4,42,9],[43,0,43,3],[43,4,46,5],[44,0,44,3],[45,0,45,3],[46,0,46,3]]}
["PREFEITURA MUNICIPAL DE JOÃO NEIVA"]
["CRONOGRAMA FÍSICO-FINANCEIRO"]
[{"$f":"'1-PLANILHA PNE'!A3:D3","v":"Obra: Construção de um banheiro PNE para a Quadra de Esportes de Acioli - João Neiva/ES"}]
[{"$f":"'1-PLANILHA PNE'!A4:D4","v":"Local: Rua Felipe Raizer, s/nº, Acioli, João Neiva/ES"}]
["ITEM","DESCRIÇÃO",null,"VALORES DO ITEM (% / R$)","PERÍODO (MESES) 2019","PERÍODO  (MESES)  2020"]
[{"$nulls":4},"dezembro","janeiro","fevereiro","março","abril","maio"]
[{"$nulls":4},1,2,3,4,5,6]
["01","SERVIÇOS PRELIMINARES","Físico (%) ",{"$f":"D9/$D$43","v":{"v":3.5741827206793504E-3,"d":"0.36%"}},"Processo licitatório",null,{"v":1,"d":"100.00%"}]
[null,null,"Financeiro (R$)",{"$f":"'1-PLANILHA PNE'!H9","v":{"v":180.85000000000002,"d":"180.85"}},null,null,{"$f":"D9","v":{"v":180.85000000000002,"d":"180.85"}}]
["02","INSTALAÇÃO DO CANTEIRO DE OBRAS","Físico (%) ",{"$f":"D11/$D$43","v":{"v":0.08746619002991761,"d":"8.75%"}},"Processo licitatório",null,{"v":1,"d":"100.00%"}]
[null,null,"Financeiro (R$)",{"$f":"'1-PLANILHA PNE'!H14","v":{"v":4425.7,"d":"4,425.70"}},null,null,{"$f":"D11","v":{"v":4425.7,"d":"4,425.70"}}]
["03","MOVIMENTO DE TERRA","Físico (%) ",{"$f":"D13/$D$43","v":{"v":0.02415740396347911,"d":"2.42%"}},"Processo licitatório",null,{"v":1,"d":"100.00%"}]
[null,null,"Financeiro (R$)",{"$f":"'1-PLANILHA PNE'!H18","v":{"v":1222.3400000000001,"d":"1,222.34"}},null,null,{"$f":"D13","v":{"v":1222.3400000000001,"d":"1,222.34"}}]
["04","ESTRUTURAS","Físico (%) ",{"$f":"D15/$D$43","v":{"v":0.057950180023391785,"d":"5.80%"}},"Processo licitatório",null,{"v":1,"d":"100.00%"}]
[null,null,"Financeiro (R$)",{"$f":"'1-PLANILHA PNE'!H25","v":{"v":2932.2200000000003,"d":"2,932.22"}},null,null,{"$f":"D15","v":{"v":2932.2200000000003,"d":"2,932.22"}}]
["05","SUPER-ESTRUTURA","Físico (%) ",{"$f":"D17/$D$43","v":{"v":0.09660095914976943,"d":"9.66%"}},"Processo licitatório",null,{"v":0.2,"d":"20.00%"},{"v":0.8,"d":"80.00%"}]
[null,null,"Financeiro (R$)",{"$f":"'1-PLANILHA PNE'!H31","v":{"v":4887.91,"d":"4,887.91"}},null,null,{"$f":"D17*0.2","v":{"v":977.582,"d":"977.58"}},{"$f":"D17*0.8","v":{"v":3910.328,"d":"3,910.33"}}]
["06"," PAREDES E PAINÉIS","Físico (%) ",{"$f":"D19/$D$43","v":{"v":0.03606633967720298,"d":"3.61%"}},"Processo licitatório",null,null,{"v":1,"d":"100.00%"}]
[null,null,"Financeiro (R$)",{"$f":"'1-PLANILHA PNE'!H35","v":{"v":1824.9199999999998,"d":"1,824.92"}},{"$nulls":3},{"$f":"D19","v":{"v":1824.9199999999998,"d":"1,824.92"}}]
["07","ESQUADRIAS DE MADEIRA","Físico (%) ",{"$f":"D21/$D$43","v":{"v":0.04216764843876301,"d":"4.22%"}},"Processo licitatório",null,null,{"v":1,"d":"100.00%"}]
[null,null,"Financeiro (R$)",{"$f":"'1-PLANILHA PNE'!H40","v":{"v":2133.6400000000003,"d":"2,133.64"}},{"$nulls":3},{"$f":"D21","v":{"v":2133.6400000000003,"d":"2,133.64"}}]
[8,"ESQUADRIAS METÁLICAS","Físico (%) ",{"$f":"D23/$D$43","v":{"v":0.10585371483772994,"d":"10.59%"}},"Processo licitatório",null,null,{"v":1,"d":"100.00%"}]
[null,null,"Financeiro (R$)",{"$f":"'1-PLANILHA PNE'!H44","v":{"v":5356.09,"d":"5,356.09"}},{"$nulls":3},{"$f":"D23","v":{"v":5356.09,"d":"5,356.09"}}]
[9,"COBERTURA","Físico (%) ",{"$f":"D25/$D$43","v":{"v":0.03623986096162413,"d":"3.62%"}},"Processo licitatório",{"$nulls":3},{"v":1,"d":"100.00%"}]
[null,null,"Financeiro (R$)",{"$f":"'1-PLANILHA PNE'!H54","v":{"v":1833.7,"d":"1,833.70"}},{"$nulls":4},{"$f":"D25","v":{"v":1833.7,"d":"1,833.70"}}]
[10,"TETOS E FORROS ","Físico (%) ",{"$f":"D27/$D$43","v":{"v":0.11465705435168852,"d":"11.47%"}},"Processo licitatório",{"$nulls":3},{"v":1,"d":"100.00%"}]
[null,null,"Financeiro (R$)",{"$f":"'1-PLANILHA PNE'!H63","v":{"v":5801.53,"d":"5,801.53"}},{"$nulls":4},{"$f":"D27","v":{"v":5801.53,"d":"5,801.53"}}]
[11,"PISOS INTERNOS E EXTERNOS","Físico (%) ",{"$f":"D29/$D$43","v":{"v":0.06051050831459449,"d":"6.05%"}},"Processo licitatório",{"$nulls":3},{"v":1,"d":"100.00%"}]
[null,null,"Financeiro (R$)",{"$f":"'1-PLANILHA PNE'!H76","v":{"v":3061.77,"d":"3,061.77"}},{"$nulls":4},{"$f":"D29","v":{"v":3061.77,"d":"3,061.77"}}]
[12,"INSTALAÇÕES HIDROSSANITÁRIAS","Físico (%) ",{"$f":"D31/$D$43","v":{"v":0.044791812008858685,"d":"4.48%"}},"Processo licitatório",null,null,{"v":0.7,"d":"70.00%"},{"v":0.3,"d":"30.00%"}]
[null,null,"Financeiro (R$)",{"$f":"'1-PLANILHA PNE'!H84","v":{"v":2266.42,"d":"2,266.42"}},{"$nulls":3},{"$f":"D31*0.7","v":{"v":1586.494,"d":"1,586.49"}},{"$f":"D31*0.3","v":{"v":679.926,"d":"679.93"}}]
[13,"INSTALAÇÕES ELÉTRICAS","Físico (%) ",{"$f":"D33/$D$43","v":{"v":0.060892531825740365,"d":"6.09%"}},"Processo licitatório",null,null,{"v":0.7,"d":"70.00%"},{"v":0.3,"d":"30.00%"}]
[null,null,"Financeiro (R$)",{"$f":"'1-PLANILHA PNE'!H93","v":{"v":3081.1,"d":"3,081.10"}},{"$nulls":3},{"$f":"D33*0.7","v":{"v":2156.77,"d":"2,156.77"}},{"$f":"D33*0.3","v":{"v":924.3299999999999,"d":"924.33"}}]
[14,"APARELHOS HIDROSSANITÁIOS","Físico (%) ",{"$f":"D35/$D$43","v":{"v":0.14075165151550487,"d":"14.08%"}},"Processo licitatório",{"$nulls":3},{"v":0.3,"d":"30.00%"},{"v":0.7,"d":"70.00%"}]
[null,null,"Financeiro (R$)",{"$f":"'1-PLANILHA PNE'!H105","v":{"v":7121.889999999999,"d":"7,121.89"}},{"$nulls":4},{"$f":"D35*0.3","v":{"v":2136.5669999999996,"d":"2,136.57"}},{"$f":"D35*0.7","v":{"v":4985.322999999999,"d":"4,985.32"}}]
[15,"APARELHOS ELÉTRICOS","Físico (%) ",{"$f":"D37/$D$43","v":{"v":0.011687389745801201,"d":"1.17%"}},"Processo licitatório",{"$nulls":3},{"v":0.3,"d":"30.00%"},{"v":0.7,"d":"70.00%"}]
[null,null,"Financeiro (R$)",{"$f":"'1-PLANILHA PNE'!H116","v":591.37},{"$nulls":4},{"$f":"D37*0.3","v":{"v":177.411,"d":"177.41"}},{"$f":"D37*0.7","v":{"v":413.959,"d":"413.96"}}]
[16,"PINTURA ","Físico (%) ",{"$f":"D39/$D$43","v":{"v":0.05980416996548152,"d":"5.98%"}},"Processo licitatório",{"$nulls":4},{"v":1,"d":"100.00%"}]
[null,null,"Financeiro (R$)",{"$f":"'1-PLANILHA PNE'!H123","v":{"v":3026.0299999999997,"d":"3,026.03"}},{"$nulls":5},{"$f":"D39","v":{"v":3026.0299999999997,"d":"3,026.03"}}]
[17,"TRATAMENTO, CONSERVAÇÃO E LIMPEZA","Físico (%) ",{"$f":"D41/$D$43","v":{"v":0.01682840246977311,"d":"1.68%"}},"Processo licitatório",{"$nulls":4},{"v":1,"d":"100.00%"}]
[null,null,"Financeiro (R$)",{"$f":"'1-PLANILHA PNE'!H132","v":{"v":851.5,"d":"851.50"}},{"$nulls":5},{"$f":"D41","v":{"v":851.5,"d":"851.50"}}]
["TOTAL",null,null,{"$f":"D43/$D$43","v":{"v":1,"d":"100.00%"}}]
[{"$nulls":3},{"$f":"D9+D11+D13+D15+D17+D19+D21+D23+D25+D27+D29+D31+D33+D35+D37+D39+D41","v":{"v":50598.979999999996,"d":"R$ 50,598.98"}}]
["VALOR DOS SERVIÇOS EXECUTADOS NO MÊS",{"$nulls":3},"Processo licitatório",null,{"$f":"G9+G11+G13+G15+G17+G19+G21+G23+G25+G27+G29+G31+G33+G35+G37+G39+G41","v":{"v":9738.692000000001,"d":"R$ 9,738.69"}},{"$f":"H9+H11+H13+H15+H17+H19+H21+H23+H25+H27+H29+H31+H33+H35+H37+H39+H41","v":{"v":16968.242,"d":"R$ 16,968.24"}},{"v":14615.233999999999,"d":"R$ 14,615.23"},{"v":9276.811999999998,"d":"R$ 9,276.81"}]
["PERCENTUAL DOS SERVIÇOS EXECUTADOS NO MÊS",{"$nulls":5},{"$f":"G44/$D$43","v":{"v":0.19246814856742175,"d":"19.25%"}},{"$f":"H44/$D$43","v":{"v":0.33534751095773074,"d":"33.53%"}},{"$f":"I44/$D$43","v":{"v":0.2888444391566786,"d":"28.88%"}},{"$f":"J44/$D$43","v":{"v":0.18333990131816885,"d":"18.33%"}}]
["VALOR ACUMULADO DOS SERVIÇOS EXECUTADOS ",{"$nulls":5},{"$f":"G44","v":{"v":9738.692000000001,"d":"R$ 9,738.69"}},{"$f":"G46+H44","v":{"v":26706.934,"d":"R$ 26,706.93"}},{"$f":"H46+I44","v":{"v":41322.168,"d":"R$ 41,322.17"}},{"v":50598.979999999996,"d":"R$ 50,598.98"}]
["PERCENTUAL ACUMULADO DOS SERVIÇOS EXECUTADOS",{"$nulls":5},{"$f":"G46/$D$43","v":{"v":0.19246814856742175,"d":"19.25%"}},{"$f":"H46/$D$43","v":{"v":0.5278156595251525,"d":"52.78%"}},{"$f":"I46/$D$43","v":{"v":0.8166600986818312,"d":"81.67%"}},{"v":1,"d":"100.00%"}]

{"sheet":"COMP-01","index":3,"n_rows":32,"n_cols":13,"rows_kept":32,"merged":[[0,0,2,0],[0,1,2,11],[3,1,3,12],[4,1,4,12],[5,0,5,12],[6,2,6,4],[7,2,7,4],[8,2,8,4],[9,2,9,4],[10,2,10,4],[11,2,11,4],[12,0,12,7],[14,0,14,12],[15,2,15,4],[16,2,16,4],[17,2,17,4],[18,2,18,4],[19,2,19,4],[20,2,20,4],[21,2,21,4],[22,2,22,4],[23,0,23,7],[25,0,25,12],[26,0,26,7],[26,8,26,12],[27,0,27,7],[27,8,27,12],[28,0,28,7],[28,8,28,12],[29,0,29,7],[29,8,29,12],[30,0,30,7],[30,8,30,12],[31,0,31,7],[31,8,31,9],[31,11,31,12]]}
[null,"COMPOSIÇÃO ANALÍTICA DE PREÇO UNITARIO",{"$nulls":10},"Data -base"]
[{"$nulls":12},"2019-07-01"]
[{"$nulls":12},"COMP 01"]
["SERVIÇO:","Barra de apoio em aço inox polido, diâm. 3cm, comprimento de 80 cm, para sanitário deficientes"]
["UNID: ",{"$f":"[2]PREÇOS!E148","v":"und"}]
["MÃO-DE-OBRA"]
["CÓD.","ORGÃO","DESCRIÇÃO",null,null,"UND","COEF","C. PROD.","PR. PROD.","LS  (%)","PR. UNIT.","FATOR AC.","SUBTOTAL"]
[10101,"IOPES","Ajudante",null,null,"h","0,015",{"v":1,"d":"1.00"},5.67,128.33,{"$f":"I8*((J8/100)+1)","v":{"v":12.946311,"d":"12.95"}},"-",{"$f":"K8*G8","v":{"v":0.194194665,"d":"R$ 0.19"}}]
[10139,"IOPES","Pedreiro",null,null,"h",0.128,{"v":1,"d":"1.00"},6.72,128.33,{"$f":"I9*((J9/100)+1)","v":{"v":15.343776,"d":"15.34"}},"-",{"$f":"K9*G9","v":{"v":1.964003328,"d":"R$ 1.96"}}]
[10146,"IOPES","Servente",null,null,"h",0.1061,{"v":1,"d":"1.00"},4.94,128.33,{"$f":"I10*((J10/100)+1)","v":{"v":11.279502,"d":"11.28"}},"-",{"$f":"K10*G10","v":{"v":1.1967551622000001,"d":"R$ 1.20"}}]
[]
[]
["TOTAL A (JÁ COM OS ENCARGOS SOCIAIS)",{"$nulls":7},{"$f":"TRUNC(ROUND(SUM(M8:M10),2),2)","v":{"v":3.35,"d":"R$ 3.35"}}]
[]
["MATERIAIS/ SERVIÇOS"]
["CÓD.","ORGÃO","DESCRIÇÃO",null,null,"UND","COEF","C. PROD.","PR. PROD.","PR. IMPROD. ","PR. UNIT.","FATOR AC.","SUBTOTAL"]
[36081,"SINAPI (jul-2019)","Barra de apoio reta, em aço inox polido, comprimento 80cm, diametro minimo 3 cm",null,null,"und",{"v":1,"d":"1.0000"},{"v":1,"d":"1.00"},{"v":90,"d":"90.00"},{"v":0,"d":"0.00"},{"$f":"I17","v":{"v":90,"d":"90.00"}},"-",{"$f":"G17*K17","v":{"v":90,"d":"R$ 90.00"}}]
[20503,"IOPES","Areia lavada média",null,null,"m3",0.0002,{"v":1,"d":"1.00"},{"v":66.6,"d":"66.60"},{"v":0,"d":"0.00"},{"$f":"I18","v":{"v":66.6,"d":"66.60"}},"-",{"$f":"G18*K18","v":{"v":0.01332,"d":"R$ 0.01"}}]
[20508,"IOPES","Cimento CP III - 40",null,null,"kg",0.1165,{"v":1,"d":"1.00"},0.34,{"v":0,"d":"0.00"},{"$f":"I19","v":0.34},"-",{"$f":"G19*K19","v":{"v":0.039610000000000006,"d":"R$ 0.04"}}]
[]
[]
[]
[]
["TOTAL B",{"$nulls":7},{"$f":"TRUNC(ROUND(SUM(M17:M19),2),2)","v":{"v":90.05,"d":"R$ 90.05"}}]
[]
["RESUMO"]
["TOTAL  A",{"$nulls":7},{"$f":"I13","v":{"v":3.35,"d":"R$ 3.35"}}]
["TOTAL  B",{"$nulls":7},{"$f":"I24","v":{"v":90.05,"d":"R$ 90.05"}}]
["TOTAL C ( TOTAL A X LEIS SOCIAIS)",{"$nulls":7},{"$f":"I27","v":{"v":3.35,"d":"R$ 3.35"}}]
["TOTAL D (A+B)",{"$nulls":7},{"$f":"I28+I29","v":{"v":93.39999999999999,"d":"R$ 93.40"}}]
["TOTAL E (BDI 30,9%)",{"$nulls":7},{"$f":"I30*30.9%","v":{"v":28.860599999999998,"d":"R$ 28.86"}}]
["PREÇO DE VENDA",{"$nulls":9},{"$f":"TRUNC(ROUND(I30+I31,2),2)","v":{"v":122.26,"d":"R$ 122.26"}}]